ALL First-Level Subdivisions of the World With a Map - all - Statistics

General Stats
  • This quiz has been taken 19 times
  • The average score is 499 of 3795
Answers on the Map
Answers color-coded by a green-red scale on the quiz's map according to % correct below.
 
Answer Stats
Country Type Subdivision % Correct
Qatar Municipality Al Shamal
69%
Oman Province Al Wusta
69%
Eritrea Region Central
69%
Fiji Region Central
69%
Ghana Region Central
69%
Israel District Central
69%
Malawi Region Central
69%
Malta Region Central
69%
Sri Lanka Province Central
69%
Zambia Province Central
69%
Denmark Region Central Denmark
69%
Togo Region Centrale
69%
Finland Region Central Finland
69%
Singapore Council Central Singapore
69%
Burkina Faso Region Centre
69%
Cameroon Region Centre
69%
Haiti Department Centre
69%
Tajikistan Region Districts under Central Government Jurisdiction
69%
Pakistan Territory Gilgit-Baltistan
69%
Pakistan Province Khyber Pakhtunkhwa
69%
Estonia County Lääne
69%
Burkina Faso Region Nord
69%
Haiti Department Nord
69%
Haiti Department Nord-Ouest
69%
Cameroon Region North
69%
Lebanon Governorate North
69%
Gambia Region North Bank
69%
Bahrain Province Northern
69%
Fiji Region Northern
69%
Ghana Region Northern
69%
Israel District Northern
69%
Malawi Region Northern
69%
Malta Region Northern
69%
Rwanda Province Northern
69%
Sierra Leone Province Northern
69%
Sri Lanka Province Northern
69%
Sudan State Northern
69%
Zambia Province Northern
69%
Saudi Arabia Region Northern Borders
69%
Denmark Region North Jutland
69%
Kazakhstan Region North Kazakhstan
69%
Botswana District North-West
69%
Cameroon Region Northwest
69%
Sierra Leone Province North West
69%
Singapore Council North West
69%
South Africa Province North West
69%
Sri Lanka Province North Western
69%
Zambia Province North-Western
69%
Papua New Guinea Province Oro
69%
Haiti Department Ouest
69%
Panama Province Panamá Oeste
69%
Greece Administration Peloponnese, Western Greece and the Ionian
69%
Cameroon Region South
69%
Lebanon Governorate South
69%
Bahrain Province Southern
69%
Botswana District Southern
69%
Eritrea Region Southern
69%
Israel District Southern
69%
Malawi Region Southern
69%
Malta Region Southern
69%
Rwanda Province Southern
69%
Sierra Leone Province Southern
69%
Sri Lanka Province Southern
69%
Zambia Province Southern
69%
Denmark Region Southern Denmark
69%
Ethiopia Region Southern Nations, Nationalities, and Peoples' Region
69%
Haiti Department Sud
69%
Nepal Province Sudurpashchim
69%
Greece Administration Thessaly and Central Greece
69%
Mongolia Province Töv
69%
Kazakhstan Region Turkistan
69%
Cameroon Region West
69%
Gambia Region West Coast
69%
Fiji Region Western
69%
Ghana Region Western
69%
Rwanda Province Western
69%
Sierra Leone Area Western
69%
Solomon Islands Province Western
69%
Sri Lanka Province Western
69%
Zambia Province Western
69%
Ghana Region Western North
69%
Kazakhstan Region West Kazakhstan
69%
United States State Alaska
62%
Syria Governorate Aleppo
62%
Germany State Bavaria
62%
Mongolia Province Dornod
62%
Cameroon Region East
62%
Fiji Region Eastern
62%
Ghana Region Eastern
62%
Rwanda Province Eastern
62%
Sierra Leone Province Eastern
62%
Sri Lanka Province Eastern
62%
Zambia Province Eastern
62%
Saudi Arabia Region Eastern Province
62%
Kazakhstan Region East Kazakhstan
62%
United Kingdom Country England
62%
Burkina Faso Region Est
62%
Bhutan District Haa
62%
United Kingdom Dependency Isle of Man
62%
Ireland County Louth
62%
United States State Maine
62%
Saudi Arabia Region Makkah
62%
Turkmenistan Region Mary
62%
Myanmar State Mon
62%
Bulgaria Province Montana
62%
United States State Montana
62%
Russia City Moscow
62%
Russia Region Moscow
62%
South Africa Province Mpumalanga
62%
Turkey Province Muş
62%
United Kingdom Province Northern Ireland
62%
Morocco Region Oriental
62%
Czech Republic Region Prague
62%
United Kingdom Country Scotland
62%
Morocco Region Souss-Massa
62%
Myanmar Division Wa
62%
United Kingdom Country Wales
62%
United Arab Emirates Emirate Abu Dhabi
54%
United States State Alabama
54%
Canada Province Alberta
54%
Qatar Municipality Al Khor
54%
United States State Arizona
54%
United States State Arkansas
54%
Greece Administration Attica
54%
Australia Territory Australian Capital Territory
54%
Germany State Berlin
54%
Germany State Brandenburg
54%
Germany State Bremen
54%
Canada Province British Columbia
54%
United Kingdom Territory British Virgin Islands
54%
Belgium Region Brussels-Capital Region
54%
Hungary County Budapest
54%
United States State California
54%
Denmark Region Capital Region
54%
Spain Community Castile and León
54%
Spain Community Catalonia
54%
United Kingdom Territory Cayman Islands
54%
United States State Colorado
54%
United States State Connecticut
54%
Russia Autonomous Republic Crimea
54%
United States State Delaware
54%
United States District District of Columbia
54%
Ukraine Region Dnipropetrovsk
54%
United Arab Emirates Emirate Dubai
54%
Italy Region Emilia-Romagna
54%
United States State Florida
54%
Uruguay Departament Florida
54%
United States State Georgia
54%
Denmark Country Greenland
54%
Germany State Hamburg
54%
United States State Hawaii
54%
Syria Governorate Homs
54%
United States State Idaho
54%
France Region Île-de-France
54%
United States State Illinois
54%
United States State Indiana
54%
United States State Iowa
54%
United Kingdom Dependency Jersey
54%
Israel District Jerusalem
54%
United States State Kansas
54%
United States State Kentucky
54%
Ukraine Region Kharkiv
54%
Ukraine City Kiev
54%
Ukraine Region Kiev
54%
Ivory Coast Region La Mé
54%
Italy Region Lazio
54%
Poland Province Lesser Poland
54%
Italy Region Lombardy
54%
United States State Louisiana
54%
Spain Community Madrid
54%
Canada Province Manitoba
54%
Liberia County Maryland
54%
United States State Maryland
54%
United States State Massachusetts
54%
Zimbabwe Province Masvingo
54%
United States State Michigan
54%
United States State Minnesota
54%
United States State Mississippi
54%
United States State Missouri
54%
Czech Republic Region Moravia-Silesia
54%
United States State Nebraska
54%
Netherlands Country Netherlands
54%
United States State Nevada
54%
Canada Province New Brunswick
54%
Canada Province Newfoundland and Labrador
54%
United States State New Hampshire
54%
United States State New Jersey
54%
United States State New Mexico
54%
United States State New York
54%
United States State North Carolina
54%
United States State North Dakota
54%
Canada Territory Northwest Territories
54%
Canada Province Nova Scotia
54%
Canada Territory Nunavut
54%
Ukraine Region Odessa
54%
United States State Ohio
54%
United States State Oklahoma
54%
Canada Province Ontario
54%
United States State Oregon
54%
Kyrgyzstan City Osh
54%
Kyrgyzstan Region Osh
54%
United States State Pennsylvania
54%
Italy Region Piedmont
54%
Canada Province Prince Edward Island
54%
Nepal Province Province No. 1
54%
Canada Province Quebec
54%
Australia State Queensland
54%
Iceland Municipality Reykjavík
54%
Russia Region Rostov
54%
Antigua and Barbuda Parish Saint Peter
54%
Barbados Parish Saint Peter
54%
Dominica Parish Saint Peter
54%
Russia City Saint Petersburg
54%
Cape Verde Municipality Sal
54%
Austria State Salzburg
54%
Canada Province Saskatchewan
54%
Germany State Saxony
54%
Italy Region Sicily
54%
United States State South Carolina
54%
United States State South Dakota
54%
Botswana District South-East
54%
Singapore Council South East
54%
Malta Region South Eastern
54%
Cameroon Region Southwest
54%
Singapore Council South West
54%
Somalia State South West
54%
Ethiopia Region South West Ethiopia Peoples' Region
54%
Finland Region Southwest Finland
54%
Haiti Department Sud-Est
54%
Burkina Faso Region Sud-Ouest
54%
United States State Tennessee
54%
United States State Texas
54%
United States Territory United States Virgin Islands
54%
United States State Utah
54%
United States State Vermont
54%
Australia State Victoria
54%
Austria State Vienna
54%
United States State Virginia
54%
Russia Region Volgograd
54%
United States State Washington
54%
United States State West Virginia
54%
United States State Wisconsin
54%
United States State Wyoming
54%
Canada Territory Yukon
54%
Qatar Municipality Ad Dawhah
46%
Greece Administration Aegean
46%
Kazakhstan Region Akmola
46%
Kuwait Province Al Asimah
46%
Yemen Municipality Amanat Al Asimah
46%
Brazil State Amazonas
46%
Colombia Department Amazonas
46%
Peru Departament Amazonas
46%
Venezuela State Amazonas
46%
United States Territory American Samoa
46%
Jordan Governorate Amman
46%
Andorra Parish Andorra la Vella
46%
Turkey Province Antalya
46%
Italy Region Aosta Valley
46%
Italy Region Apulia
46%
Russia Region Arkhangelsk
46%
Turkmenistan District Ashgabat
46%
Germany State Baden-Württemberg
46%
Iraq Province Baghdad
46%
Chad Region Bahr el Gazel
46%
Mexico State Baja California
46%
Azerbaijan City Baku
46%
Montenegro Municipality Bar
46%
Switzerland Canton Basel-Landschaft
46%
Switzerland Canton Basel-Stadt
46%
Tunisia Governorate Béja
46%
United Kingdom Territory Bermuda
46%
Switzerland Canton Bern
46%
Turkey Province Bitlis
46%
Algeria Province Bouïra
46%
Slovakia Region Bratislava
46%
Argentina City Buenos Aires
46%
Argentina Province Buenos Aires
46%
Italy Region Campania
46%
Bahrain Province Capital
46%
Venezuela District Capital District
46%
Solomon Islands Territory Capital Territory
46%
Botswana District Central
46%
Papua New Guinea Province Central
46%
Paraguay Departament Central
46%
Solomon Islands Province Central
46%
Mexico State Chihuahua
46%
Moldova Municipality Chișinău
46%
Romania County Cluj
46%
Philippines Region Cordillera
46%
France Region Corsica
46%
Greece Administration Crete
46%
Tanzania Region Dar es Salaam
46%
India Territory Delhi
46%
Paraguay District Distrito Capital
46%
Equatorial Guinea Province Djibloho
46%
Ukraine Region Donetsk
46%
Ireland City Dublin
46%
Portugal District Faro
46%
Denmark Country Faroe Islands
46%
Brazil District Federal District
46%
Bosnia and Herzegovina Division Federation of Bosnia and Herzegovina
46%
Belgium Region Flanders
46%
France Region French Guiana
46%
Italy Region Friuli-Venezia Giulia
46%
Ireland City Galway
46%
Ireland County Galway
46%
Switzerland Canton Geneva
46%
Poland Province Greater Poland
46%
United Kingdom Dependency Guernsey
46%
Germany State Hesse
46%
Romania County Iași
46%
China Region Inner Mongolia
46%
Pakistan Territory Islamabad Capital Territory
46%
Turkey Province Istanbul
46%
Turkey Province İzmir
46%
Russia Territory Kamchatka
46%
Togo Region Kara
46%
Ukraine Region Kherson
46%
Malaysia Territory Kuala Lumpur
46%
Russia Region Kursk
46%
El Salvador Department La Paz
46%
Honduras Department La Paz
46%
Finland Region Lapland
46%
Marshall Islands Municipality Lib
46%
Peru Departament Lima
46%
Peru Province Lima
46%
Cyprus District Limassol
46%
Portugal District Lisbon
46%
Poland Province Łódź
46%
Germany State Lower Saxony
46%
Poland Province Lublin
46%
Ukraine Region Luhansk
46%
Ukraine Region Lviv
46%
Greece Administration Macedonia and Thrace
46%
Tanzania Region Mara
46%
Germany State Mecklenburg-Vorpommern
46%
Mexico State México
46%
Mexico District Mexico City
46%
Belarus City Minsk
46%
Belarus Region Minsk
46%
Russia Region Murmansk
46%
Oman Province Muscat
46%
Philippines Region National Capital
46%
Papua New Guinea District National Capital District
46%
Australia State New South Wales
46%
Cyprus District Nicosia
46%
Haiti Department Nord-Est
46%
France Region Normandy
46%
Botswana District North-East
46%
Ghana Region North East
46%
Singapore Council North East
46%
Australia Territory Northern Territory
46%
Germany State North Rhine-Westphalia
46%
Russia Region Novosibirsk
46%
Kazakhstan City Nur-Sultan
46%
Cyprus District Paphos
46%
Portugal District Porto
46%
Kosovo District Pristina
46%
United States Territory Puerto Rico
46%
Germany State Rhineland-Palatinate
46%
United States State Rhode Island
46%
Latvia City Rīga
46%
Brazil State Rio de Janeiro
46%
Saudi Arabia Region Riyadh
46%
Germany State Saarland
46%
Antigua and Barbuda Parish Saint John
46%
Barbados Parish Saint John
46%
Dominica Parish Saint John
46%
Grenada Parish Saint John
46%
France Territory Saint Martin
46%
Jamaica Parish Saint Mary
46%
Russia Republic Sakha
46%
Russia Region Sakhalin
46%
Russia Region Samara
46%
Yemen Province Sana'a
46%
Turkey Province Şanlıurfa
46%
Vanuatu Province Sanma
46%
Brazil State São Paulo
46%
Italy Region Sardinia
46%
Germany State Saxony-Anhalt
46%
Liechtenstein Municipality Schaan
46%
Germany State Schleswig-Holstein
46%
South Korea Province Seoul
46%
Netherlands Country Sint Maarten
46%
Turkey Province Sivas
46%
Bulgaria Province Sofia
46%
Madagascar Region Sofia
46%
Bulgaria Province Sofia City
46%
Australia State South Australia
46%
Indonesia Province Special Capital Region of Jakarta
46%
Croatia County Split-Dalmatia
46%
Sweden County Stockholm
46%
Ukraine Region Sumy
46%
Taiwan Municipality Taipei
46%
Estonia County Tartu
46%
Australia State Tasmania
46%
Iran Province Tehran
46%
Israel District Tel Aviv
46%
Germany State Thuringia
46%
Italy Region Trentino-South Tyrol
46%
Italy Region Tuscany
46%
United Arab Emirates Emirate Umm Al Quwain
46%
India State Uttar Pradesh
46%
Honduras Department Valle
46%
Turkey Province Van
46%
Bulgaria Province Varna
46%
Switzerland Canton Vaud
46%
Italy Region Veneto
46%
Lithuania County Vilnius
46%
Belgium Region Wallonia
46%
Australia State Western Australia
46%
Croatia City Zagreb
46%
Croatia County Zagreb
46%
Switzerland Canton Zürich
46%
Ivory Coast District Abidjan
38%
Georgia Republic Abkhazia
38%
Ethiopia City Addis Ababa
38%
Yemen Province Aden
38%
Turkmenistan Region Ahal
38%
Finland Region Åland
38%
Egypt Governorate Alexandria
38%
Algeria Province Algiers
38%
Kazakhstan City Almaty
38%
Kazakhstan Region Almaty
38%
Russia Region Amur
38%
Spain Community Andalusia
38%
Turkey Province Ankara
38%
Spain Community Aragon
38%
Djibouti Region Arta
38%
Netherlands Country Aruba
38%
Russia Region Astrakhan
38%
Spain Community Asturias
38%
Portugal Region Azores
38%
Mexico State Baja California Sur
38%
Spain Community Balearic Islands
38%
Pakistan Province Balochistan
38%
Mali District Bamako
38%
Somalia Region Banaadir
38%
Italy Region Basilicata
38%
Spain Community Basque
38%
Iraq Province Basra
38%
China Municipality Beijing
38%
Serbia City Belgrade
38%
Libya District Benghazi
38%
Kyrgyzstan City Bishkek
38%
Serbia District Bor
38%
Chad Region Borkou
38%
France Region Bourgogne-Franche-Comté
38%
Republic of the Congo Department Brazzaville
38%
Belarus Region Brest
38%
France Region Brittany
38%
Russia Region Bryansk
38%
Romania Municipality Bucharest
38%
North Macedonia Municipality Čair
38%
Egypt Governorate Cairo
38%
Italy Region Calabria
38%
Colombia District Capital District
38%
Austria State Carinthia
38%
Morocco Region Casablanca-Settat
38%
Spain Community Castilla-La Mancha
38%
Saint Lucia District Castries
38%
Czech Republic Region Central Bohemia
38%
France Region Centre-Val de Loire
38%
Russia Republic Chechnya
38%
Russia Region Chelyabinsk
38%
Ukraine Region Chernihiv
38%
Mexico State Chiapas
38%
Bangladesh Division Chittagong
38%
Romania County Constanța
38%
Ireland City Cork
38%
Ireland County Cork
38%
Netherlands Country Curaçao
38%
Russia Republic Dagestan
38%
Senegal Region Dakar
38%
Syria Governorate Damascus
38%
Bangladesh Division Dhaka
38%
Djibouti Region Djibouti
38%
Tanzania Region Dodoma
38%
Croatia County Dubrovnik-Neretva
38%
Tajikistan Region Dushanbe
38%
Turkey Province Edirne
38%
Iraq Province Erbil
38%
Spain Community Extremadura
38%
Nigeria Territory Federal Capital Territory
38%
Spain Community Galicia
38%
South Africa Province Gauteng
38%
Turkey Province Gaziantep
38%
India State Goa
38%
Sweden County Gotland
38%
Malta Region Gozo
38%
France Region Grand Est
38%
Ghana Region Greater Accra
38%
Switzerland Canton Grisons
38%
United States Territory Guam
38%
Guatemala Department Guatemala
38%
Israel District Haifa
38%
China Special Region Hong Kong
38%
Russia Region Irkutsk
38%
Iran Province Isfahan
38%
Ukraine Region Ivano-Frankivsk
38%
Mexico State Jalisco
38%
Somalia State Jubaland
38%
Afghanistan Province Kabul
38%
Russia Region Kaliningrad
38%
Afghanistan Province Kandahar
38%
Nigeria State Kano
38%
Russia Republic Karelia
38%
Lithuania County Kaunas
38%
Jamaica Parish Kingston
38%
Democratic Republic of the Congo Province Kinshasa
38%
Lithuania County Klaipėda
38%
Russia Territory Krasnodar
38%
Cuba Province La Habana
38%
Bolivia Department La Paz
38%
Russia Region Leningrad
38%
Nicaragua Department León
38%
Italy Region Liguria
38%
Ireland City-County Limerick
38%
Slovenia City Ljubljana
38%
Chile Region Los Lagos
38%
Austria State Lower Austria
38%
Luxembourg Canton Luxembourg
38%
Portugal Region Madeira
38%
Saudi Arabia Region Madinah
38%
Nicaragua Department Managua
38%
Italy Region Marche
38%
Yemen Province Ma'rib
38%
Morocco Region Marrakesh-Safi
38%
France Region Martinique
38%
Ireland County Mayo
38%
Monaco Ward Monaco-Ville
38%
Monaco Ward Monte-Carlo
38%
Uruguay Departament Montevideo
38%
Ecuador Province Morona-Santiago
38%
Greece Region Mount Athos
38%
Spain Community Murcia
38%
Ukraine Region Mykolaiv
38%
Spain Community Navarre
38%
Saint Kitts and Nevis Island Nevis
38%
Taiwan Municipality New Taipei
38%
New Zealand Country New Zealand
38%
Russia Region Nizhny Novgorod
38%
United States Territory Northern Mariana Islands
38%
France Region Nouvelle-Aquitaine
38%
Russia Region Novgorod
38%
France Region Occitanie
38%
Russia Region Omsk
38%
Algeria Province Oran
38%
Norway Region Oslo
38%
Panama Province Panamá
38%
Brazil State Pará
38%
Suriname District Para
38%
Suriname District Paramaribo
38%
Bulgaria Province Plovdiv
38%
Montenegro Municipality Podgorica
38%
France Region Provence-Alpes-Côte d'Azur
38%
Russia Region Pskov
38%
India State Punjab
38%
Pakistan Province Punjab
38%
Somalia State Puntland
38%
Morocco Region Rabat-Salé-Kénitra
38%
Bosnia and Herzegovina Division Republika Srpska
38%
Syria Governorate Rif Dimashq
38%
Antigua and Barbuda Parish Saint George
38%
Barbados Parish Saint George
38%
Dominica Parish Saint George
38%
Grenada Parish Saint George
38%
Saint Vincent and the Grenadines Parish Saint George
38%
Saint Kitts and Nevis Island Saint Kitts
38%
France Territory Saint Pierre and Miquelon
38%
Costa Rica Province San José
38%
Uruguay Departament San José
38%
Dominican Republic Province San José de Ocoa
38%
Bahamas District San Salvador
38%
El Salvador Department San Salvador
38%
Chile Region Santiago
38%
Dominican Republic Province Santiago
38%
Cuba Province Santiago de Cuba
38%
Argentina Province Santiago del Estero
38%
Switzerland Canton Schwyz
38%
Russia City Sevastopol
38%
Myanmar State Shan
38%
China Municipality Shanghai
38%
China Province Sichuan
38%
Poland Province Silesia
38%
Iran Province Sistan and Baluchestan
38%
Mexico State Sonora
38%
Czech Republic Region South Bohemia
38%
Austria State Styria
38%
Colombia Department Sucre
38%
Venezuela State Sucre
38%
Norway Territory Svalbard
38%
Uzbekistan City Tashkent
38%
Uzbekistan Region Tashkent
38%
China Region Tibet
38%
Switzerland Canton Ticino
38%
Romania County Timiș
38%
Albania County Tiranë
38%
Russia Region Tomsk
38%
Libya District Tripoli
38%
Tunisia Governorate Tunis
38%
United Kingdom Territory Turks and Caicos Islands
38%
Austria State Tyrol
38%
Mongolia Municipality Ulaanbaatar
38%
Italy Region Umbria
38%
Austria State Upper Austria
38%
Switzerland Canton Uri
38%
Liechtenstein Municipality Vaduz
38%
Spain Community Valencia
38%
Hungary County Vas
38%
Mexico State Veracruz
38%
Austria State Vorarlberg
38%
Papua New Guinea Province Western
38%
Armenia Municipality Yerevan
38%
Mexico State Yucatán
38%
Denmark Region Zealand
38%
Italy Region Abruzzo
31%
Russia Republic Adygea
31%
Mexico State Aguascalientes
31%
United Kingdom Territory Akrotiri and Dhekelia
31%
India Territory Andaman and Nicobar Islands
31%
United Kingdom Territory Anguilla
31%
Algeria Province Annaba
31%
Romania County Arad
31%
Egypt Governorate Aswan
31%
France Region Auvergne-Rhône-Alpes
31%
Pakistan Territory Azad Jammu and Kashmir
31%
Afghanistan Province Balkh
31%
Thailand Area Bangkok
31%
Central African Republic Prefecture Bangui
31%
Russia Republic Bashkortostan
31%
Turkey Province Batman
31%
Russia Region Belgorod
31%
Belize District Belize
31%
Guinea-Bissau Sector Bissau
31%
Bulgaria Province Blagoevgrad
31%
Portugal District Braga
31%
Romania County Brașov
31%
Austria State Burgenland
31%
Turkey Province Bursa
31%
South Korea Province Busan
31%
Mexico State Campeche
31%
Ecuador Province Cañar
31%
Spain Community Canary Islands
31%
Spain Community Cantabria
31%
Spain City Ceuta
31%
Thailand Province Chiang Mai
31%
Japan Prefecture Chiba
31%
Myanmar State Chin
31%
Russia Area Chukotka
31%
Federated States of Micronesia State Chuuk
31%
Russia Republic Chuvashia
31%
San Marino Municipality City of San Marino
31%
Mexico State Coahuila
31%
Portugal District Coimbra
31%
Argentina Province Córdoba
31%
Colombia Department Córdoba
31%
Peru Departament Cusco
31%
Mexico State Durango
31%
Iran Province East Azerbaijan
31%
Greece Administration Epirus and Western Macedonia
31%
Luxembourg Canton Esch-sur-Alzette
31%
United Kingdom Territory Falkland Islands
31%
Cyprus District Famagusta
31%
Morocco Region Fès-Meknès
31%
Moldova Unit Găgăuzia
31%
Romania County Galați
31%
Mozambique Province Gaza
31%
Afghanistan Province Ghor
31%
United Kingdom Territory Gibraltar
31%
Egypt Governorate Giza
31%
Belarus Region Gomel
31%
Saint Vincent and the Grenadines Parish Grenadines
31%
France Region Guadeloupe
31%
China Province Guangdong
31%
Hungary County Győr-Moson-Sopron
31%
Vietnam Municipality Hà Nội
31%
Zimbabwe Province Harare
31%
Turkey Province Hatay
31%
France Region Hauts-de-France
31%
Vietnam Municipality Hồ Chí Minh
31%
Afghanistan Province Herat
31%
Japan Prefecture Hokkaido
31%
Russia Republic Ingushetia
31%
Croatia County Istria
31%
India Territory Jammu and Kashmir
31%
Switzerland Canton Jura
31%
Russia Republic Kabardino-Balkar
31%
Russia Republic Karachay-Cherkessia
31%
Myanmar State Kayah
31%
Myanmar State Kayin
31%
Sudan State Khartoum
31%
Russia Republic Komi
31%
Turkey Province Konya
31%
Slovakia Region Košice
31%
Russia Territory Krasnoyarsk
31%
Iran Province Kurdistan
31%
Poland Province Kuyavia-Pomerania
31%
South Africa Province KwaZulu-Natal
31%
Japan Prefecture Kyoto
31%
Nigeria State Lagos
31%
Argentina Province La Rioja
31%
Spain Community La Rioja
31%
Poland Province Lower Silesia
31%
Angola Province Luanda
31%
Egypt Governorate Luxor
31%
China Special Region Macau
31%
Russia Region Magadan
31%
Maldives City Malé
31%
Maldives Atoll Malé Atoll
31%
Poland Province Masovia
31%
Spain City Melilla
31%
Argentina Province Mendoza
31%
Japan Prefecture Mie
31%
Italy Region Molise
31%
Kenya County Nairobi
31%
Myanmar Territory Naypyidaw
31%
Russia Area Nenets
31%
Switzerland Canton Neuchâtel
31%
Niger Region Niamey
31%
Russia Republic North Ossetia-Alania
31%
Mexico State Nuevo León
31%
Mexico State Oaxaca
31%
Japan Prefecture Okinawa
31%
Poland Province Opole
31%
Belize District Orange Walk
31%
Russia Region Orenburg
31%
France Region Pays de la Loire
31%
Russia Territory Perm
31%
Hungary County Pest
31%
Ukraine Region Poltava
31%
Poland Province Pomerania
31%
São Tomé and Príncipe Region Príncipe
31%
North Korea Direct-administered City Pyongyang
31%
Iran Province Qom
31%
Mexico State Quintana Roo
31%
France Territory Saint Barthélemy
31%
Argentina Province Santa Cruz
31%
Bolivia Department Santa Cruz
31%
Cape Verde Municipality Santa Cruz
31%
Tunisia Governorate Sfax
31%
United Arab Emirates Emirate Sharjah
31%
Mexico State Sinaloa
31%
Yemen Province Socotra
31%
Switzerland Canton Solothurn
31%
Ethiopia Region Somali
31%
Somalia State Somaliland
31%
Russia Territory Stavropol
31%
Switzerland Canton St. Gallen
31%
Mexico State Tabasco
31%
Mexico State Tamaulipas
31%
Morocco Region Tanger-Tetouan-Al Hoceima
31%
Georgia Municipality Tbilisi
31%
Japan Prefecture Tokyo
31%
Turkey Province Trabzon
31%
Moldova Unit Transnistria
31%
Norway Region Troms og Finnmark
31%
Russia Republic Tuva
31%
Russia Republic Udmurtia
31%
Sweden County Uppsala
31%
Ireland City-County Waterford
31%
Iran Province West Azerbaijan
31%
Poland Province West Pomerania
31%
China Region Xinjiang Uyghur
31%
Ivory Coast District Yamoussoukro
31%
Myanmar Region Yangon
31%
Mexico State Zacatecas
31%
Ukraine Region Zaporizhia
31%
Switzerland Canton Aargau
23%
Brazil State Acre
23%
Turkey Province Adana
23%
Ethiopia Region Afar
23%
Russia Republic Altai
23%
Russia Territory Altai
23%
Chile Region Antofagasta
23%
Switzerland Canton Appenzell Ausserrhoden
23%
Switzerland Canton Appenzell Innerrhoden
23%
Jordan Governorate Aqaba
23%
Peru Departament Arequipa
23%
Chile Region Atacama
23%
Turkey Province Aydın
23%
Brazil State Bahia
23%
Azerbaijan District Balakan
23%
Turkmenistan Region Balkan
23%
Moldova Municipality Bălți
23%
Gambia City Banjul
23%
Antigua and Barbuda Dependency Barbuda
23%
Lebanon Governorate Beirut
23%
Bolivia Department Beni
23%
North Macedonia Municipality Bitola
23%
Bosnia and Herzegovina District Brčko
23%
Bulgaria Province Burgas
23%
Russia Republic Buryatia
23%
Angola Province Cabinda
23%
Turkey Province Çanakkale
23%
Argentina Province Chaco
23%
Ukraine Region Cherkasy
23%
Thailand Province Chiang Rai
23%
Australia Overseas Territory Christmas Island
23%
Mexico State Colima
23%
Honduras Department Colón
23%
Panama Province Colón
23%
Guinea Region Conakry
23%
Algeria Province Constantine
23%
New Zealand Association Cook Islands
23%
South Korea Province Daegu
23%
Vietnam Municipality Đà Nẵng
23%
Panama Province Darién
23%
Latvia City Daugavpils
23%
Dominican Republic District Distrito Nacional
23%
Bulgaria Province Dobrich
23%
Albania County Durrës
23%
Albania County Elbasan
23%
Ecuador Province El Oro
23%
Turkey Province Erzurum
23%
Brazil State Espírito Santo
23%
Albania County Fier
23%
France Collectivity French Polynesia
23%
Switzerland Canton Fribourg
23%
China Province Fujian
23%
Japan Prefecture Fukuoka
23%
Japan Prefecture Fukushima
23%
Botswana City Gaborone
23%
Ecuador Province Galápagos
23%
Azerbaijan City Ganja
23%
Switzerland Canton Glarus
23%
Mongolia Province Govi-Altai
23%
Belarus Region Grodno
23%
Mexico State Guanajuato
23%
Cuba Province Guantánamo
23%
Mexico State Guerrero
23%
India State Gujarat
23%
China Province Hainan
23%
Syria Governorate Hama
23%
China Province Hebei
23%
Afghanistan Province Helmand
23%
Montenegro Municipality Herceg Novi
23%
Mexico State Hidalgo
23%
India State Himachal Pradesh
23%
Japan Prefecture Hiroshima
23%
Poland Province Holy Cross
23%
Peru Departament Ica
23%
South Korea Province Incheon
23%
Kyrgyzstan Region Issyk-Kul
23%
Russia Region Ivanovo
23%
Sweden County Jämtland
23%
South Korea Province Jeju
23%
Russia Autonomous Region Jewish
23%
Sweden County Jönköping
23%
Russia Republic Kalmykia
23%
Uganda City Kampala
23%
Taiwan Municipality Kaohsiung
23%
Turkey Province Kars
23%
Turkey Province Kayseri
23%
Russia Region Kemerovo
23%
India State Kerala
23%
Iran Province Kerman
23%
Iran Province Kermanshah
23%
Ireland County Kerry
23%
Russia Territory Khabarovsk
23%
Russia Area Khanty-Mansi
23%
Iran Province Khuzestan
23%
Rwanda Province Kigali
23%
Turkey Province Kırklareli
23%
Iraq Province Kirkuk
23%
Russia Region Kirov
23%
Ukraine Region Kirovohrad
23%
Slovenia City Koper
23%
North Macedonia Municipality Kumanovo
23%
Russia Region Kurgan
23%
Morocco Region Laâyoune-Sakia El Hamra
23%
India Territory Ladakh
23%
Cyprus District Larnaca
23%
Azerbaijan District Lerik
23%
Albania County Lezhë
23%
Thailand Province Loei
23%
Bahamas District Long Island
23%
Poland Province Lubusz
23%
Switzerland Canton Luzern
23%
India State Manipur
23%
Mozambique City Maputo
23%
Mozambique Province Maputo
23%
Slovenia City Maribor
23%
Brazil State Mato Grosso
23%
France Region Mayotte
23%
Mexico State Michoacán
23%
Libya District Misrata
23%
Kosovo District Mitrovica
23%
Belarus Region Mogilev
23%
Kenya County Mombasa
23%
United Kingdom Territory Montserrat
23%
Mexico State Morelos
23%
Norway Region Møre og Romsdal
23%
Romania County Mureș
23%
Myanmar Zone Naga
23%
Japan Prefecture Nagasaki
23%
Thailand Province Nan
23%
Mexico State Nayarit
23%
Chad Region N'Djamena
23%
Switzerland Canton Nidwalden
23%
Nigeria State Niger
23%
Japan Prefecture Niigata
23%
Montenegro Municipality Nikšić
23%
Slovakia Region Nitra
23%
New Zealand Association Niue
23%
Sweden County Norrbotten
23%
South Africa Province Northern Cape
23%
Egypt Governorate North Sinai
23%
Switzerland Canton Obwalden
23%
India State Odisha
23%
North Macedonia Municipality Ohrid
23%
Czech Republic Region Olomouc
23%
Russia Region Oryol
23%
Japan Prefecture Osaka
23%
Croatia County Osijek-Baranja
23%
Finland Region Ostrobothnia
23%
Estonia County Pärnu
23%
Kazakhstan Region Pavlodar
23%
Kosovo District Peja
23%
Russia Region Penza
23%
Bulgaria Province Pernik
23%
Cambodia Province Phnom Penh
23%
Thailand Province Phuket
23%
Serbia District Pirot
23%
Czech Republic Region Plzeň
23%
Poland Province Podlaskie
23%
Trinidad and Tobago Municipality Port of Spain
23%
Cape Verde Municipality Porto Novo
23%
Cape Verde Municipality Praia
23%
Russia Territory Primorsky
23%
Kosovo District Prizren
23%
Mexico State Puebla
23%
China Province Qinghai
23%
Mexico State Querétaro
23%
Syria Governorate Raqqa
23%
United Arab Emirates Emirate Ras Al Khaimah
23%
France Region Réunion
23%
Brazil State Rio Grande do Norte
23%
Brazil State Rio Grande do Sul
23%
Sudan State River Nile
23%
Ukraine Region Rivne
23%
Turkey Province Rize
23%
Russia Region Ryazan
23%
Estonia County Saare
23%
Jamaica Parish Saint Ann
23%
United Kingdom Territory Saint Helena, Ascension and Tristan da Cunha
23%
Antigua and Barbuda Parish Saint Mary
23%
Antigua and Barbuda Parish Saint Paul
23%
Dominica Parish Saint Paul
23%
Barbados Parish Saint Thomas
23%
Jamaica Parish Saint Thomas
23%
Argentina Province Salta
23%
Uruguay Departament Salto
23%
Uzbekistan Region Samarqand
23%
Turkey Province Samsun
23%
Argentina Province San Juan
23%
Dominican Republic Province San Juan
23%
Trinidad and Tobago Region San Juan–Laventille
23%
Argentina Province San Luis
23%
Mexico State San Luis Potosí
23%
Ivory Coast Region San-Pédro
23%
Paraguay Departament San Pedro
23%
Dominican Republic Province San Pedro de Macorís
23%
Dominican Republic Province Santo Domingo
23%
Ecuador Province Santo Domingo de los Tsáchilas
23%
Russia Region Saratov
23%
Switzerland Canton Schaffhausen
23%
Brazil State Sergipe
23%
Portugal District Setúbal
23%
China Province Shaanxi
23%
China Province Shanxi
23%
Albania County Shkodër
23%
Bulgaria Province Shumen
23%
Kazakhstan City Shymkent
23%
Croatia County Šibenik-Knin
23%
Cambodia Province Siem Reap
23%
Turkey Province Siirt
23%
Pakistan Province Sindh
23%
Libya District Sirte
23%
Sweden County Skåne
23%
Ireland County Sligo
23%
Tunisia Governorate Sousse
23%
Maldives Atoll South Maalhosmadulu
23%
Czech Republic Region South Moravia
23%
Egypt Governorate South Sinai
23%
Belize District Stann Creek
23%
Bulgaria Province Stara Zagora
23%
Poland Province Subcarpathia
23%
Yemen Province Taiz
23%
Russia Region Tambov
23%
India State Tamil Nadu
23%
Syria Governorate Tartus
23%
Russia Republic Tatarstan
23%
Bhutan District Thimphu
23%
Switzerland Canton Thurgau
23%
China Municipality Tianjin
23%
Argentina Province Tierra del Fuego
23%
Ethiopia Region Tigray
23%
Ireland County Tipperary
23%
Mexico State Tlaxcala
23%
Trinidad and Tobago Island Tobago
23%
Slovakia Region Trnava
23%
Norway Region Trøndelag
23%
Russia Region Tula
23%
Russia Region Tver
23%
Russia Region Ulyanovsk
23%
Czech Republic Region Ústí nad Labem
23%
Finland Region Uusimaa
23%
Switzerland Canton Valais
23%
Laos Prefecture Vientiane
23%
Laos Province Vientiane
23%
Ukraine Region Vinnytsia
23%
Belarus Region Vitebsk
23%
Russia Region Vladimir
23%
Albania County Vlorë
23%
Russia Region Vologda
23%
Ukraine Region Volyn
23%
Russia Region Voronezh
23%
Poland Province Warmia-Masuria
23%
India State West Bengal
23%
South Africa Province Western Cape
23%
Ireland County Wexford
23%
Russia Area Yamalo-Nenets
23%
Nauru District Yaren
23%
Russia Region Yaroslavl
23%
China Province Yunnan
23%
Croatia County Zadar
23%
Ukraine Region Zakarpattia
23%
Ukraine Region Zhytomyr
23%
Czech Republic Region Zlín
23%
Switzerland Canton Zug
23%
Indonesia Province Aceh
15%
Georgia Republic Adjara
15%
Niger Region Agadez
15%
Norway Region Agder
15%
Kazakhstan Region Aktobe
15%
Iceland Municipality Akureyri
15%
Romania County Alba
15%
Brazil State Amapá
15%
Ethiopia Region Amhara
15%
China Province Anhui
15%
Comoros Island Anjouan
15%
Colombia Department Antioquia
15%
Japan Prefecture Aomori
15%
Colombia Department Arauca
15%
Chile Region Arica and Parinacota
15%
India State Arunachal Pradesh
15%
Tanzania Region Arusha
15%
India State Assam
15%
Kazakhstan Region Atyrau
15%
Portugal District Aveiro
15%
Afghanistan Province Badakhshan
15%
Indonesia Province Bali
15%
Afghanistan Province Bamyan
15%
Slovakia Region Banská Bystrica
15%
Chad Region Batha
15%
Portugal District Beja
15%
Albania County Berat
15%
India State Bihar
15%
Chile Region Biobío
15%
Portugal District Bragança
15%
Romania County Brăila
15%
Croatia County Brod-Posavina
15%
Burundi Province Bujumbura Mairie
15%
Zimbabwe Province Bulawayo
15%
Libya District Butnan
15%
Ireland County Carlow
15%
Portugal District Castelo Branco
15%
Argentina Province Catamarca
15%
Ireland County Cavan
15%
Slovenia City Celje
15%
Finland Region Central Ostrobothnia
15%
Montenegro Municipality Cetinje
15%
Trinidad and Tobago Municipality Chaguanas
15%
India Territory Chandigarh
15%
Ukraine Region Chernivtsi
15%
India State Chhattisgarh
15%
Thailand Province Chonburi
15%
Argentina Province Chubut
15%
Ireland County Clare
15%
Bolivia Department Cochabamba
15%
Australia Overseas Territory Cocos (Keeling) Islands
15%
India Territory Dadra and Nagar Haveli and Daman and Diu
15%
South Korea Province Daejeon
15%
Sweden County Dalarna
15%
Egypt Governorate Damietta
15%
Montenegro Municipality Danilovgrad
15%
Philippines Region Davao
15%
North Macedonia Municipality Debar
15%
Syria Governorate Deir ez-Zor
15%
Albania County Dibër
15%
East Timor Municipality Dili
15%
Ethiopia City Dire Dawa
15%
Romania County Dolj
15%
Slovenia Municipality Dol pri Ljubljani
15%
Ireland County Donegal
15%
South Africa Province Eastern Cape
15%
Andorra Parish Escaldes-Engordany
15%
Portugal District Évora
15%
Cameroon Region Far North
15%
Iran Province Fars
15%
Uzbekistan Region Fergana
15%
Kosovo District Ferizaj
15%
United Arab Emirates Emirate Fujairah
15%
Tuvalu Island Funafuti
15%
China Province Gansu
15%
Mali Region Gao
15%
Sweden County Gävleborg
15%
Iran Province Gilan
15%
Burundi Province Gitega
15%
Kosovo District Gjakova
15%
Albania County Gjirokastër
15%
Brazil State Goiás
15%
Romania County Gorj
15%
Tajikistan Autonomous Region Gorno-Badakhshan
15%
North Macedonia Municipality Gostivar
15%
Nicaragua Department Granada
15%
Comoros Island Grande Comore
15%
China Region Guangxi
15%
Portugal District Guarda
15%
China Province Guizhou
15%
South Korea Province Gwangju
15%
Saudi Arabia Region Ha'il
15%
Sweden County Halland
15%
Bulgaria Province Haskovo
15%
China Province Heilongjiang
15%
China Province Henan
15%
Vietnam Municipality Hải Phòng
15%
China Province Hubei
15%
China Province Hunan
15%
Syria Governorate Idlib
15%
Slovenia Municipality Ig
15%
Romania County Ilfov
15%
Georgia Region Imereti
15%
Norway Region Innlandet
15%
Cuba Municipality Isla de la Juventud
15%
Kyrgyzstan Region Jalal-Abad
15%
Kazakhstan Region Jambyl
15%
Australia Territory Jervis Bay
15%
India State Jharkhand
15%
China Province Jiangsu
15%
China Province Jiangxi
15%
China Province Jilin
15%
Malaysia State Johor
15%
Tunisia Governorate Kairouan
15%
Georgia Region Kakheti
15%
Sweden County Kalmar
15%
Russia Region Kaluga
15%
Kazakhstan Region Karagandy
15%
Bulgaria Province Kardzhali
15%
Croatia County Karlovac
15%
Czech Republic Region Karlovy Vary
15%
India State Karnataka
15%
Tunisia Governorate Kef
15%
Azerbaijan City Khankendi
15%
Bangladesh Division Khulna
15%
Ireland County Kildare
15%
Marshall Islands Municipality Kili | Bikini | Ejit
15%
Ireland County Kilkenny
15%
Albania County Korçë
15%
Kazakhstan Region Kostanay
15%
Russia Region Kostroma
15%
Montenegro Municipality Kotor
15%
Slovenia City Kranj
15%
North Macedonia Municipality Kriva Palanka
15%
Albania County Kukës
15%
Afghanistan Province Kunduz
15%
Cyprus District Kyrenia
15%
Chad Region Lac
15%
Ireland County Laois
15%
Argentina Province La Pampa
15%
Syria Governorate Latakia
15%
Portugal District Leiria
15%
Ireland County Leitrim
15%
China Province Liaoning
15%
Taiwan County Lienchiang
15%
Latvia City Liepāja
15%
Costa Rica Province Limón
15%
South Africa Province Limpopo
15%
Russia Region Lipetsk
15%
Equatorial Guinea Province Litoral
15%
Benin Department Littoral
15%
Cameroon Region Littoral
15%
Ireland County Longford
15%
Iran Province Lorestan
15%
Zambia Province Lusaka
15%
India State Madhya Pradesh
15%
India State Maharashtra
15%
Marshall Islands Municipality Majuro
15%
North Macedonia Municipality Makedonski Brod
15%
Turkey Province Malatya
15%
Myanmar Region Mandalay
15%
Kazakhstan Region Mangystau
15%
Romania County Maramureș
15%
Brazil State Maranhão
15%
Russia Republic Mari El
15%
Togo Region Maritime
15%
Lesotho District Maseru
15%
Brazil State Mato Grosso do Sul
15%
Mauritius Island Mauritius
15%
Iran Province Mazandaran
15%
Ireland County Meath
15%
India State Meghalaya
15%
Venezuela State Mérida
15%
Turkey Province Mersin
15%
Brazil State Minas Gerais
15%
Japan Prefecture Miyazaki
15%
India State Mizoram
15%
Ireland County Monaghan
15%
Russia Republic Mordovia
15%
Kuwait Province Mubarak Al-Kabeer
15%
Turkey Province Muğla
15%
Japan Prefecture Nagano
15%
Iraq Province Najaf
15%
Azerbaijan Republic Nakhchivan
15%
Japan Prefecture Nara
15%
Kyrgyzstan Region Naryn
15%
Romania County Neamț
15%
North Macedonia Municipality Negotino
15%
Argentina Province Neuquén
15%
France Sui Generis Collectivity New Caledonia
15%
Bahamas District New Providence
15%
Egypt Governorate New Valley
15%
China Region Ningxia
15%
Norway Region Nordland
15%
Australia Overseas Territory Norfolk Island
15%
Finland Region North Karelia
15%
Democratic Republic of the Congo Province North Kivu
15%
Maldives Atoll North Maalhosmadulu
15%
Finland Region North Ostrobothnia
15%
Finland Region North Savo
15%
Ireland County Offaly
15%
Japan Prefecture Okayama
15%
Sweden County Örebro
15%
Ethiopia Region Oromia
15%
Sweden County Östergötland
15%
Afghanistan Province Panjshir
15%
Brazil State Paraná
15%
Czech Republic Region Pardubice
15%
Bulgaria Province Pazardzhik
15%
United Kingdom Territory Pitcairn Islands
15%
Peru Departament Piura
15%
Bulgaria Province Pleven
15%
Republic of the Congo Department Pointe-Noire
15%
Portugal District Portalegre
15%
Egypt Governorate Port Said
15%
Bolivia Department Potosí
15%
Paraguay Departament Presidente Hayes
15%
North Macedonia Municipality Prilep
15%
India Territory Puducherry
15%
Peru Departament Puno
15%
India State Rajasthan
15%
Serbia District Raška
15%
Egypt Governorate Red Sea
15%
Sudan State Red Sea
15%
Norway Region Rogaland
15%
Ireland County Roscommon
15%
Libya District Sabha
15%
Burkina Faso Region Sahel
15%
Barbados Parish Saint Andrew
15%
Dominica Parish Saint Andrew
15%
Grenada Parish Saint Andrew
15%
Jamaica Parish Saint Andrew
15%
Saint Vincent and the Grenadines Parish Saint Andrew
15%
Barbados Parish Saint Lucy
15%
Colombia Department San Andrés, Providencia and Santa Catalina
15%
Dominican Republic Province San Cristóbal
15%
Peru Departament San Martín
15%
Brazil State Santa Catarina
15%
Cape Verde Municipality Santa Catarina
15%
Argentina Province Santa Fe
15%
Colombia Department Santander
15%
Portugal District Santarém
15%
San Marino Municipality Serravalle
15%
China Province Shandong
15%
Romania County Sibiu
15%
India State Sikkim
15%
Turkey Province Sinop
15%
Azerbaijan City Şirvan
15%
Bulgaria Province Sliven
15%
Russia Region Smolensk
15%
Sweden County Södermanland
15%
Ireland County South Dublin
15%
Finland Region South Karelia
15%
Democratic Republic of the Congo Province South Kivu
15%
Finland Region South Ostrobothnia
15%
Finland Region South Savo
15%
Serbia District Srem
15%
North Macedonia Municipality Strumica
15%
Egypt Governorate Suez
15%
Iraq Province Sulaymaniyah
15%
Azerbaijan City Sumgait
15%
Russia Region Sverdlovsk
15%
Saudi Arabia Region Tabuk
15%
Peru Departament Tacna
15%
Taiwan Municipality Taichung
15%
Taiwan Municipality Tainan
15%
Tanzania Region Tanga
15%
Democratic Republic of the Congo Province Tanganyika
15%
Bulgaria Province Targovishte
15%
Turkey Province Tekirdağ
15%
India State Telangana
15%
Ukraine Region Ternopil
15%
North Macedonia Municipality Tetovo
15%
Algeria Province Tlemcen
15%
Belize District Toledo
15%
Slovakia Region Trenčín
15%
Liechtenstein Municipality Triesen
15%
Venezuela State Trujillo
15%
Argentina Province Tucumán
15%
Romania County Tulcea
15%
Russia Region Tyumen
15%
Montenegro Municipality Ulcinj
15%
Qatar Municipality Umm Salal
15%
Croatia County Varaždin
15%
Romania County Vaslui
15%
Sweden County Västerbotten
15%
Sweden County Västra Götaland
15%
North Macedonia Municipality Veles
15%
Norway Region Vestfold og Telemark
15%
Norway Region Vestland
15%
Portugal District Viana do Castelo
15%
Bulgaria Province Vidin
15%
Norway Region Viken
15%
Portugal District Vila Real
15%
Bulgaria Province Vratsa
15%
Czech Republic Region Vysočina
15%
France Collectivity Wallis and Futuna
15%
Ireland County Westmeath
15%
Ireland County Wicklow
15%
Russia Territory Zabaykalsky
15%
Namibia Region Zambezi
15%
Samoa District Aʻana
8%
Azerbaijan District Absheron
8%
North Macedonia Municipality Aerodrom
8%
Turkey Province Afyonkarahisar
8%
Mauritius Island Agaléga
8%
Japan Prefecture Aichi
8%
United Arab Emirates Emirate Ajman
8%
Japan Prefecture Akita
8%
Brazil State Alagoas
8%
Iraq Province Al Anbar
8%
Iran Province Alborz
8%
Syria Governorate Al-Hasakah
8%
Yemen Province Al Hudaydah
8%
Paraguay Departament Alto Paraguay
8%
Paraguay Departament Alto Paraná
8%
Lithuania County Alytus
8%
Paraguay Departament Amambay
8%
India State Andhra Pradesh
8%
Uzbekistan Region Andijan
8%
Palau State Angaur
8%
Equatorial Guinea Province Annobón
8%
Armenia Province Ararat
8%
Chile Region Araucanía
8%
Iran Province Ardabil
8%
Romania County Argeș
8%
Uruguay Departament Artigas
8%
Ghana Region Ashanti
8%
Saudi Arabia Region Asir
8%
Syria Governorate As-Suwayda
8%
Egypt Governorate Asyut
8%
Colombia Department Atlántico
8%
Benin Department Atlantique
8%
Romania County Bacău
8%
Afghanistan Province Badghis
8%
Afghanistan Province Baghlan
8%
Myanmar Region Bago
8%
Kazakhstan City Baikonur
8%
Liechtenstein Municipality Balzers
8%
Turkey Province Bartın
8%
Kyrgyzstan Region Batken
8%
Mongolia Province Bayankhongor
8%
Honduras Department Bay Islands
8%
Hungary County Békés
8%
Moldova Municipality Bender
8%
Angola Province Benguela
8%
Lebanon Governorate Beqaa
8%
Angola Province Bié
8%
Romania County Bihor
8%
Montenegro Municipality Bijelo Polje
8%
Turkey Province Bingöl
8%
Equatorial Guinea Province Bioko Norte
8%
Equatorial Guinea Province Bioko Sur
8%
Tunisia Governorate Bizerte
8%
Slovenia Municipality Bled
8%
Sweden County Blekinge
8%
Sudan State Blue Nile
8%
Colombia Department Bolívar
8%
Ecuador Province Bolívar
8%
Venezuela State Bolívar
8%
Turkey Province Bolu
8%
Paraguay Departament Boquerón
8%
Nigeria State Borno
8%
Romania County Botoșani
8%
Papua New Guinea Region Bougainville
8%
Brunei District Brunei-Muara
8%
Montenegro Municipality Budva
8%
Thailand Province Bueng Kan
8%
Uzbekistan Region Bukhara
8%
Turkey Province Burdur
8%
Thailand Province Buriram
8%
Romania County Buzău
8%
Paraguay Departament Caazapá
8%
Mozambique Province Cabo Delgado
8%
Peru Departament Cajamarca
8%
Moldova District Călărași
8%
Romania County Călărași
8%
Peru City Callao
8%
Cuba Province Camagüey
8%
Saint Lucia District Canaries
8%
Andorra Parish Canillo
8%
Paraguay Departament Canindeyú
8%
Luxembourg Canton Capellen
8%
Colombia Department Caquetá
8%
Venezuela State Carabobo
8%
Romania County Caraș-Severin
8%
Colombia Department Cauca
8%
Brazil State Ceará
8%
North Macedonia Municipality Centar
8%
Bahamas District Central Andros
8%
Serbia District Central Banat
8%
Sudan State Central Darfur
8%
Indonesia Province Central Java
8%
Indonesia Province Central Kalimantan
8%
Indonesia Province Central Sulawesi
8%
Burkina Faso Region Centre-Est
8%
Burkina Faso Region Centre-Nord
8%
Burkina Faso Region Centre-Ouest
8%
Burkina Faso Region Centre-Sud
8%
Equatorial Guinea Province Centro Sur
8%
Colombia Department Cesar
8%
Thailand Province Chachoengsao
8%
Taiwan County Changhua
8%
Taiwan City Chiayi
8%
Taiwan County Chiayi
8%
Ecuador Province Chimborazo
8%
Saint Lucia District Choiseul
8%
Solomon Islands Province Choiseul
8%
China Municipality Chongqing
8%
Barbados Parish Christ Church
8%
Cuba Province Cienfuegos
8%
Bahamas District City of Freeport
8%
Luxembourg Canton Clervaux
8%
Vietnam Municipality Cần Thơ
8%
Uruguay Departament Colonia
8%
Chile Region Coquimbo
8%
Paraguay Departament Cordillera
8%
Argentina Province Corrientes
8%
Ecuador Province Cotopaxi
8%
Romania County Covasna
8%
Colombia Department Cundinamarca
8%
Morocco Region Dakhla-Oued Ed-Dahab
8%
Mauritania Region Dakhlet Nouadhibou
8%
Romania County Dâmbovița
8%
Syria Governorate Daraa
8%
Turkmenistan Region Daşoguz
8%
Afghanistan Province Daykundi
8%
North Macedonia Municipality Delčevo
8%
Turkey Province Denizli
8%
Yemen Province Dhale
8%
Oman Province Dhofar
8%
Luxembourg Canton Diekirch
8%
Turkey Province Diyarbakır
8%
Mongolia Province Dornogovi
8%
Morocco Region Drâa-Tafilalet
8%
Iraq Province Duhok
8%
Ireland County Dún Laoghaire–Rathdown
8%
Sudan State East Darfur
8%
Papua New Guinea Province Eastern Highlands
8%
Indonesia Province East Java
8%
Indonesia Province East Kalimantan
8%
Papua New Guinea Province East New Britain
8%
Indonesia Province East Nusa Tenggara
8%
Japan Prefecture Ehime
8%
Algeria Province El Oued
8%
Andorra Parish Encamp
8%
Argentina Province Entre Ríos
8%
Nigeria State Enugu
8%
Democratic Republic of the Congo Province Équateur
8%
Liechtenstein Municipality Eschen
8%
Turkey Province Eskişehir
8%
Guyana Region Essequibo Islands-West Demerara
8%
Afghanistan Province Farah
8%
Afghanistan Province Faryab
8%
Ireland County Fingal
8%
San Marino Municipality Fiorentino
8%
Uruguay Departament Flores
8%
Monaco Ward Fontvieille
8%
Argentina Province Formosa
8%
South Africa Province Free State
8%
Japan Prefecture Fukui
8%
Bulgaria Province Gabrovo
8%
South Korea Province Gangwon
8%
North Macedonia Municipality Gazi Baba
8%
North Macedonia Municipality Gevgelija
8%
Libya District Ghat
8%
Afghanistan Province Ghazni
8%
Japan Prefecture Gifu
8%
Romania County Giurgiu
8%
Kosovo District Gjilan
8%
Iran Province Golestan
8%
Indonesia Province Gorontalo
8%
Bahamas District Grand Cay
8%
Luxembourg Canton Grevenmacher
8%
Solomon Islands Province Guadalcanal
8%
Costa Rica Province Guanacaste
8%
Ecuador Province Guayas
8%
Algeria Province Guelma
8%
Japan Prefecture Gunma
8%
Montenegro Municipality Gusinje
8%
South Korea Province Gyeonggi
8%
Iceland Municipality Hafnarfjörður
8%
Turkey Province Hakkâri
8%
Vietnam Province Hà Nam
8%
Jamaica Parish Hanover
8%
Ethiopia Region Harari
8%
Romania County Harghita
8%
India State Haryana
8%
Papua New Guinea Province Hela
8%
Costa Rica Province Heredia
8%
Vietnam Province Hải Dương
8%
Estonia County Hiiu
8%
Iran Province Hormozgān
8%
Czech Republic Region Hradec Králové
8%
Taiwan City Hsinchu
8%
Taiwan County Hsinchu
8%
Taiwan County Hualien
8%
Angola Province Huambo
8%
Angola Province Huíla
8%
Colombia Department Huila
8%
Romania County Hunedoara
8%
Vietnam Province Hưng Yên
8%
Japan Prefecture Hyōgo
8%
Romania County Ialomița
8%
Japan Prefecture Ibaraki
8%
Yemen Province Ibb
8%
Iran Province Ilam
8%
North Macedonia Municipality Ilinden
8%
Mozambique Province Inhambane
8%
Jordan Governorate Irbid
8%
Japan Prefecture Ishikawa
8%
Turkey Province Isparta
8%
Paraguay Departament Itapúa
8%
Japan Prefecture Iwate
8%
Monaco Ward Jardin Exotique
8%
Latvia Municipality Jēkabpils
8%
Saudi Arabia Region Jizan
8%
Argentina Province Jujuy
8%
Latvia City Jūrmala
8%
Japan Prefecture Kagawa
8%
Japan Prefecture Kagoshima
8%
Turkey Province Kahramanmaraş
8%
Finland Region Kainuu
8%
Japan Prefecture Kanagawa
8%
Slovenia Municipality Kanal
8%
Finland Region Kanta-Häme
8%
Jordan Governorate Karak
8%
Uzbekistan Republic Karakalpakstan
8%
Turkey Province Karaman
8%
Namibia Region ǁKaras
8%
Iraq Province Karbala
8%
Democratic Republic of the Congo Province Kasaï
8%
Mali Region Kayes
8%
Taiwan City Keelung
8%
Russia Republic Khakassia
8%
Mongolia Province Khentii
8%
Ukraine Region Khmelnytskyi
8%
Mongolia Province Khovd
8%
North Macedonia Municipality Kičevo
8%
Mali Region Kidal
8%
Tanzania Region Kilimanjaro
8%
Turkey Province Kilis
8%
Taiwan County Kinmen
8%
Turkey Province Kocaeli
8%
Japan Prefecture Kōchi
8%
Hungary County Komárom-Esztergom
8%
Democratic Republic of the Congo Province Kongo Central
8%
Vietnam Province Kon Tum
8%
Iceland Municipality Kópavogur
8%
Palau State Koror
8%
Federated States of Micronesia State Kosrae
8%
Thailand Province Krabi
8%
Sweden County Kronoberg
8%
Japan Prefecture Kumamoto
8%
Bulgaria Province Kyustendil
8%
Azerbaijan District Lachin
8%
Monaco Ward La Condamine
8%
Marshall Islands Municipality Lae
8%
Colombia Department La Guajira
8%
India Territory Lakshadweep
8%
Andorra Parish La Massana
8%
Thailand Province Lamphun
8%
Indonesia Province Lampung
8%
Venezuela State Lara
8%
Cuba Province Las Tunas
8%
Uruguay Departament Lavalleja
8%
Turkmenistan Region Lebap
8%
Monaco Ward Les Moneghetti
8%
Czech Republic Region Liberec
8%
Croatia County Lika-Senj
8%
Peru Departament Loreto
8%
Laos Province Louangphabang
8%
Bulgaria Province Lovech
8%
Slovenia Municipality Luče
8%
Uganda District Madi-Okollo
8%
Thailand Province Mae Hong Son
8%
Chile Region Magallanes
8%
Indonesia Province Maluku
8%
Mozambique Province Manica
8%
Zimbabwe Province Manicaland
8%
Turkey Province Manisa
8%
Turkey Province Mardin
8%
Liberia County Margibi
8%
Lithuania County Marijampolė
8%
Libya District Marj
8%
Zimbabwe Province Mashonaland Central
8%
Zimbabwe Province Mashonaland East
8%
Zimbabwe Province Mashonaland West
8%
Zimbabwe Province Matabeleland North
8%
Zimbabwe Province Matabeleland South
8%
Cuba Province Matanzas
8%
North Macedonia Municipality Mavrovo and Rostuša
8%
Algeria Province Médéa
8%
Romania County Mehedinți
8%
Colombia Department Meta
8%
Taiwan County Miaoli
8%
Zimbabwe Province Midlands
8%
Algeria Province Mila
8%
Venezuela State Miranda
8%
Slovenia Municipality Miren-Kostanjevica
8%
Argentina Province Misiones
8%
Paraguay Departament Misiones
8%
Japan Prefecture Miyagi
8%
Comoros Island Mohéli
8%
Serbia District Moravica
8%
Lebanon Governorate Mount Lebanon
8%
Tanzania Region Mtwara
8%
Oman Province Musandam
8%
India State Nagaland
8%
Saudi Arabia Region Najran
8%
Thailand Province Nakhon Ratchasima
8%
Thailand Province Nakhon Sawan
8%
Thailand Province Nakhon Si Thammarat
8%
Mozambique Province Nampula
8%
Afghanistan Province Nangarhar
8%
Taiwan County Nantou
8%
Paraguay Departament Ñeembucú
8%
Papua New Guinea Province New Ireland
8%
Vietnam Province Nghệ An
8%
Mozambique Province Niassa
8%
Afghanistan Province Nimruz
8%
Iraq Province Nineveh
8%
Serbia District Nišava
8%
Colombia Department Norte de Santander
8%
Bahamas District North Andros
8%
Serbia District North Bačka
8%
Serbia District North Banat
8%
Nicaragua Region North Caribbean Coast
8%
South Korea Province North Chungcheong
8%
Sudan State North Darfur
8%
Philippines Region Northern Mindanao
8%
South Korea Province North Gyeongsang
8%
South Korea Province North Jeolla
8%
Indonesia Province North Kalimantan
8%
Iran Province North Khorasan
8%
Indonesia Province North Maluku
8%
Indonesia Province North Sulawesi
8%
Indonesia Province North Sumatra
8%
Mauritania Region Nouakchott-Nord
8%
Mauritania Region Nouakchott-Ouest
8%
Mauritania Region Nouakchott-Sud
8%
East Timor Municipality Oecusse
8%
Chile Region O'Higgins
8%
Japan Prefecture Ōita
8%
Romania County Olt
8%
Mongolia Province Ömnögovi
8%
Andorra Parish Ordino
8%
Turkey Province Ordu
8%
Bolivia Department Oruro
8%
Central African Republic Prefecture Ouaka
8%
Nigeria State Oyo
8%
Afghanistan Province Paktika
8%
Lithuania County Panevėžys
8%
Indonesia Province Papua
8%
Paraguay Departament Paraguarí
8%
Brazil State Paraíba
8%
Afghanistan Province Parwan
8%
Uruguay Departament Paysandú
8%
Tanzania Region Pemba North
8%
Tanzania Region Pemba South
8%
Taiwan County Penghu
8%
Malaysia State Perlis
8%
Brazil State Pernambuco
8%
Thailand Province Phatthalung
8%
Thailand Province Phra Nakhon Si Ayutthaya
8%
Brazil State Piauí
8%
Cuba Province Pinar del Río
8%
Taiwan County Pingtung
8%
Slovenia Municipality Piran
8%
Finland Region Pirkanmaa
8%
Montenegro Municipality Plav
8%
Serbia District Podunavlje
8%
Federated States of Micronesia State Pohnpei
8%
Ivory Coast Region Poro
8%
Slovenia Municipality Postojna
8%
Croatia County Požega-Slavonia
8%
Romania County Prahova
8%
Slovakia Region Prešov
8%
Trinidad and Tobago Region Princes Town
8%
Slovenia City Ptuj
8%
Tanzania Region Pwani
8%
Azerbaijan District Qakh
8%
Azerbaijan District Quba
8%
Guatemala Department Quetzaltenango
8%
Colombia Department Quindío
8%
Syria Governorate Quneitra
8%
Vietnam Province Quảng Ngãi
8%
Vietnam Province Quảng Trị
8%
Iran Province Razavi Khorasan
8%
Bulgaria Province Razgrad
8%
Indonesia Province Riau
8%
Indonesia Province Riau Islands
8%
Argentina Province Río Negro
8%
Uruguay Departament Río Negro
8%
Liberia County Rivercess
8%
Liberia County River Gee
8%
Nigeria State Rivers
8%
Mauritius Island Rodrigues
8%
Brazil State Rondônia
8%
Brazil State Roraima
8%
Fiji Dependency Rotuma
8%
Montenegro Municipality Rožaje
8%
Bulgaria Province Ruse
8%
Slovenia Municipality Ruše
8%
Malaysia State Sabah
8%
Japan Prefecture Saga
8%
Mauritius Island Saint Brandon
8%
Jamaica Parish Saint Elizabeth
8%
Barbados Parish Saint James
8%
Jamaica Parish Saint James
8%
Barbados Parish Saint Joseph
8%
Dominica Parish Saint Joseph
8%
Seychelles District Saint Louis
8%
Dominica Parish Saint Luke
8%
Dominica Parish Saint Mark
8%
Grenada Parish Saint Mark
8%
Japan Prefecture Saitama
8%
Romania County Sălaj
8%
Afghanistan Province Samangan
8%
Kenya County Samburu
8%
Georgia Region Samegrelo-Zemo Svaneti
8%
Thailand Province Samut Songkhram
8%
Cuba Province Sancti Spíritus
8%
Trinidad and Tobago Municipality San Fernando
8%
Guatemala Department San Marcos
8%
El Salvador Department San Miguel
8%
El Salvador Department Santa Ana
8%
Andorra Parish Sant Julià de Lòria
8%
North Macedonia Municipality Saraj
8%
Malaysia State Sarawak
8%
Afghanistan Province Sar-e Pol
8%
Finland Region Satakunta
8%
Romania County Satu Mare
8%
South Korea Province Sejong
8%
Iran Province Semnan
8%
Japan Prefecture Shiga
8%
Japan Prefecture Shimane
8%
Japan Prefecture Shizuoka
8%
Lithuania County Šiauliai
8%
Ethiopia Region Sidama
8%
Mali Region Sikasso
8%
Bulgaria Province Silistra
8%
Croatia County Sisak-Moslavina
8%
Bulgaria Province Smolyan
8%
Vietnam Province Sóc Trăng
8%
Mozambique Province Sofala
8%
Nigeria State Sokoto
8%
Thailand Province Songkhla
8%
Bahamas District South Andros
8%
Serbia District South Bačka
8%
Serbia District South Banat
8%
Nicaragua Region South Caribbean Coast
8%
South Korea Province South Chungcheong
8%
Sudan State South Darfur
8%
Indonesia Province Southeast Sulawesi
8%
Papua New Guinea Province Southern Highlands
8%
South Korea Province South Gyeongsang
8%
South Korea Province South Jeolla
8%
Indonesia Province South Kalimantan
8%
Iran Province South Khorasan
8%
Indonesia Province South Sulawesi
8%
Indonesia Province South Sumatra
8%
Indonesia Province Special Region of Yogyakarta
8%
North Macedonia Municipality Štip
8%
Romania County Suceava
8%
Tajikistan Region Sughd
8%
Mongolia Province Sukhbaatar
8%
Serbia District Šumadija
8%
Thailand Province Surat Thani
8%
Thailand Province Surin
8%
Armenia Province Syunik
8%
Taiwan County Taitung
8%
Thailand Province Tak
8%
Afghanistan Province Takhar
8%
Algeria Province Tamanrasset
8%
Taiwan Municipality Taoyuan
8%
Moldova District Taraclia
8%
Vietnam Province Tây Ninh
8%
Romania County Teleorman
8%
Mozambique Province Tete
8%
Vietnam Province Thanh Hóa
8%
Algeria Province Tindouf
8%
Montenegro Municipality Tivat
8%
Algeria Province Tizi Ouzou
8%
Brazil State Tocantins
8%
Japan Prefecture Tochigi
8%
Japan Prefecture Tokushima
8%
Mali Region Tombouctou
8%
Tonga Division Tongatapu
8%
Japan Prefecture Tottori
8%
Japan Prefecture Toyama
8%
Liechtenstein Municipality Triesenberg
8%
India State Tripura
8%
Trinidad and Tobago Region Tunapuna–Piarco
8%
Montenegro Municipality Tuzi
8%
Peru Departament Ucayali
8%
Thailand Province Udon Thani
8%
South Korea Province Ulsan
8%
Moldova District Ungheni
8%
Tanzania Region Unguja North
8%
Tanzania Region Unguja South
8%
Afghanistan Province Urozgan
8%
Turkey Province Uşak
8%
Thailand Province Uttaradit
8%
Mongolia Province Uvs
8%
Romania County Vâlcea
8%
Chile Region Valparaíso
8%
Sweden County Värmland
8%
Sweden County Västernorrland
8%
Sweden County Västmanland
8%
Colombia Department Vaupés
8%
Bulgaria Province Veliko Tarnovo
8%
Latvia City Ventspils
8%
Latvia Municipality Ventspils
8%
Luxembourg Canton Vianden
8%
Cuba Province Villa Clara
8%
Portugal District Viseu
8%
Romania County Vrancea
8%
Croatia County Vukovar-Srijem
8%
Libya District Wadi al Hayaa
8%
Japan Prefecture Wakayama
8%
Serbia District West Bačka
8%
Sudan State West Darfur
8%
Papua New Guinea Province Western Highlands
8%
Indonesia Province West Java
8%
Indonesia Province West Kalimantan
8%
Papua New Guinea Province West New Britain
8%
Indonesia Province West Nusa Tenggara
8%
Indonesia Province West Papua
8%
Indonesia Province West Sulawesi
8%
Indonesia Province West Sumatra
8%
Sudan State White Nile
8%
Turkey Province Yalova
8%
Japan Prefecture Yamagata
8%
Japan Prefecture Yamaguchi
8%
Japan Prefecture Yamanashi
8%
Bulgaria Province Yambol
8%
Federated States of Micronesia State Yap
8%
Thailand Province Yasothon
8%
Iran Province Yazd
8%
Vietnam Province Yên Bái
8%
Taiwan County Yilan
8%
Turkey Province Yozgat
8%
Taiwan County Yunlin
8%
Afghanistan Province Zabul
8%
Mozambique Province Zambezia
8%
Jordan Governorate Zarqa
8%
China Province Zhejiang
8%
Slovakia Region Žilina
8%
Venezuela State Zulia
8%
Nigeria State Abia
0%
Uganda District Abim
0%
Yemen Province Abyan
0%
Bahamas District Acklins
0%
San Marino Municipality Acquaviva
0%
Cameroon Region Adamawa
0%
Nigeria State Adamawa
0%
Latvia Municipality Ādaži
0%
Oman Province Ad Dakhiliyah
0%
Oman Province Ad Dhahirah
0%
Maldives City Addu City
0%
Turkey Province Adıyaman
0%
Uganda District Adjumani
0%
Algeria Province Adrar
0%
Mauritania Region Adrar
0%
Uganda District Agago
0%
Azerbaijan District Agdash
0%
Azerbaijan District Aghdam
0%
Azerbaijan District Aghjabadi
0%
Azerbaijan District Aghstafa
0%
Ivory Coast Region Agnéby-Tiassa
0%
Turkey Province Ağrı
0%
Azerbaijan District Agsu
0%
São Tomé and Príncipe District Água Grande
0%
Ghana Region Ahafo
0%
Kuwait Province Ahmadi
0%
El Salvador Department Ahuachapán
0%
Samoa District Aiga-i-le-Tai
0%
East Timor Municipality Aileu
0%
Marshall Islands Municipality Ailinglaplap
0%
Marshall Islands Municipality Ailuk
0%
Palau State Aimeliik
0%
East Timor Municipality Ainaro
0%
Algeria Province Aïn Defla
0%
Algeria Province Aïn Témouchent
0%
Palau State Airai
0%
Nauru District Aiwo
0%
Latvia Municipality Aizkraukle
0%
Slovenia Municipality Ajdovščina
0%
Jordan Province Ajloun
0%
Lebanon Governorate Akkar
0%
Iceland Municipality Akranes
0%
Turkey Province Aksaray
0%
Nigeria State Akwa Ibom
0%
Costa Rica Province Alajuela
0%
Madagascar Region Alaotra-Mangoro
0%
Oman Province Al Batinah North
0%
Oman Province Al Batinah South
0%
Yemen Province Al Bayda
0%
Oman Province Al Buraymi
0%
Qatar Municipality Al Daayen
0%
Uganda District Alebtong
0%
Benin Department Alibori
0%
Djibouti Region Ali Sabieh
0%
Yemen Province Al Jawf
0%
Yemen Province Al Mahrah
0%
Yemen Province Al Mahwit
0%
Sudan State Al Qadarif
0%
Iraq Province Al-Qādisiyyah
0%
Qatar Municipality Al Rayyan
0%
Qatar Municipality Al-Shahaniya
0%
Guatemala Department Alta Verapaz
0%
Latvia Municipality Alūksne
0%
Libya District Al Wahat
0%
Qatar Municipality Al Wakrah
0%
Turkey Province Amasya
0%
Thailand Province Amnat Charoen
0%
Uganda District Amolatar
0%
Madagascar Region Amoron'i Mania
0%
Yemen Province Amran
0%
Uganda District Amudat
0%
Uganda District Amuria
0%
Uganda District Amuru
0%
Nauru District Anabar
0%
Madagascar Region Analamanga
0%
Madagascar Region Analanjirofo
0%
Nigeria State Anambra
0%
Peru Departament Ancash
0%
Montenegro Municipality Andrijevica
0%
Madagascar Region Androy
0%
Moldova District Anenii Noi
0%
Nauru District Anetan
0%
Vietnam Province An Giang
0%
Thailand Province Ang Thong
0%
Nauru District Anibare
0%
Slovenia Municipality Ankaran
0%
Madagascar Region Anosy
0%
Seychelles District Anse aux Pins
0%
Eritrea Region Anseba
0%
Seychelles District Anse Boileau
0%
Seychelles District Anse Etoile
0%
Saint Lucia District Anse la Raye
0%
Seychelles District Anse Royale
0%
Venezuela State Anzoátegui
0%
Uganda District Apac
0%
Slovenia Municipality Apače
0%
Venezuela State Apure
0%
Peru Departament Apurímac
0%
North Macedonia Municipality Aračinovo
0%
Armenia Province Aragatsotn
0%
Venezuela State Aragua
0%
Iceland Municipality Árborg
0%
Turkey Province Ardahan
0%
Tunisia Governorate Ariana
0%
Trinidad and Tobago Municipality Arima
0%
Mongolia Province Arkhangai
0%
Armenia Province Armavir
0%
Iceland Municipality Árneshreppur
0%
Marshall Islands Municipality Arno
0%
Cuba Province Artemisa
0%
Haiti Department Artibonite
0%
Turkey Province Artvin
0%
Uganda District Arua
0%
Iceland Municipality Ásahreppur
0%
Oman Province Ash Sharqiyah North
0%
Oman Province Ash Sharqiyah South
0%
Mauritania Region Assaba
0%
Azerbaijan District Astara
0%
Benin Department Atakora
0%
Honduras Department Atlántida
0%
Madagascar Region Atsimo-Andrefana
0%
Madagascar Region Atsimo-Atsinanana
0%
Madagascar Region Atsinanana
0%
Laos Province Attapeu
0%
Samoa District Atua
0%
Seychelles District Au Cap
0%
Latvia Municipality Augšdaugava
0%
Marshall Islands Municipality Aur
0%
Peru Departament Ayacucho
0%
Myanmar Region Ayeyarwady
0%
Chile Region Aysén
0%
Dominican Republic Province Azua
0%
Ecuador Province Azuay
0%
Lebanon Governorate Baalbek-Hermel
0%
Iraq Province Babil
0%
Hungary County Bács-Kiskun
0%
Guinea-Bissau Region Bafatá
0%
Ivory Coast Region Bafing
0%
Nepal Province Bagmati
0%
Ivory Coast Region Bagoué
0%
Saudi Arabia Region Bahah
0%
Seychelles District Baie Lazare
0%
Seychelles District Baie Sainte Anne
0%
Nauru District Baitsi
0%
Guatemala Department Baja Verapaz
0%
Turkey Province Balıkesir
0%
Jordan Governorate Balqa
0%
Latvia Municipality Balvi
0%
Central African Republic Prefecture Bamingui-Bangoran
0%
Indonesia Province Bangka Belitung Islands
0%
Cambodia Province Banteay Meanchey
0%
Indonesia Province Banten
0%
Dominican Republic Province Baoruco
0%
Dominican Republic Province Barahona
0%
Hungary County Baranya
0%
Azerbaijan District Barda
0%
Vietnam Province Bà Rịa-Vũng Tàu
0%
Guyana Region Barima-Waini
0%
Venezuela State Barinas
0%
Kenya County Baringo
0%
Bangladesh Division Barisal
0%
Moldova District Basarabeasca
0%
Central African Republic Prefecture Basse-Kotto
0%
Democratic Republic of the Congo Province Bas-Uélé
0%
Algeria Province Batna
0%
Cambodia Province Battambang
0%
East Timor Municipality Baucau
0%
Nigeria State Bauchi
0%
Latvia Municipality Bauska
0%
Mongolia Province Bayan-Ulgii
0%
Turkey Province Bayburt
0%
Nigeria State Bayelsa
0%
Vietnam Province Bắc Giang
0%
Vietnam Province Bắc Kạn
0%
Vietnam Province Bạc Liêu
0%
Vietnam Province Bắc Ninh
0%
Seychelles District Beau Vallon
0%
Algeria Province Béchar
0%
Egypt Governorate Beheira
0%
Algeria Province Béjaïa
0%
Seychelles District Bel Air
0%
Brunei District Belait
0%
Ivory Coast Region Bélier
0%
Seychelles District Bel Ombre
0%
Slovenia Municipality Beltinci
0%
Tunisia Governorate Ben Arous
0%
Slovenia Municipality Benedikt
0%
Indonesia Province Bengkulu
0%
Angola Province Bengo
0%
Algeria Province Béni Abbès
0%
Morocco Region Béni Mellal-Khénifra
0%
Ethiopia Region Benishangul-Gumuz
0%
Egypt Governorate Beni Suef
0%
Nigeria State Benue
0%
Montenegro Municipality Berane
0%
Ivory Coast Region Béré
0%
Lesotho District Berea
0%
North Macedonia Municipality Berovo
0%
Bahamas District Berry Islands
0%
Madagascar Region Betsiboka
0%
Azerbaijan District Beylagan
0%
Philippines Region Bicol
0%
Azerbaijan District Bilasuvar
0%
Turkey Province Bilecik
0%
Bahamas District Bimini
0%
Vietnam Province Bình Định
0%
Vietnam Province Bình Dương
0%
Vietnam Province Bình Phước
0%
Vietnam Province Bình Thuận
0%
Guinea-Bissau Region Biombo
0%
Algeria Province Biskra
0%
Slovenia Municipality Bistrica ob Sotli
0%
Romania County Bistrița-Năsăud
0%
Croatia County Bjelovar-Bilogora
0%
Bahamas District Black Point
0%
Iceland Municipality Bláskógabyggð
0%
Algeria Province Blida
0%
Slovenia Municipality Bloke
0%
Vietnam Province Bến Tre
0%
Nicaragua Department Boaco
0%
Cape Verde Municipality Boa Vista
0%
East Timor Municipality Bobonaro
0%
Panama Province Bocas del Toro
0%
Nauru District Boe
0%
Madagascar Region Boeny
0%
North Macedonia Municipality Bogdanci
0%
North Macedonia Municipality Bogovinje
0%
Slovenia Municipality Bohinj
0%
Guinea Region Boké
0%
Laos Province Bokèo
0%
Guinea-Bissau Region Bolama
0%
Laos Province Bolikhamxai
0%
Iceland Municipality Bolungarvík
0%
Kenya County Bomet
0%
Liberia County Bomi
0%
Liberia County Bong
0%
Madagascar Region Bongolava
0%
Ghana Region Bono
0%
Ghana Region Bono East
0%
Algeria Province Bordj Baji Mokhtar
0%
Algeria Province Bordj Bou Arréridj
0%
Iceland Municipality Borgarbyggð
0%
San Marino Municipality Borgo Maggiore
0%
Benin Department Borgou
0%
Slovenia Municipality Borovnica
0%
Hungary County Borsod-Abaúj-Zemplén
0%
North Macedonia Municipality Bosilovo
0%
Burkina Faso Region Boucle du Mouhoun
0%
Republic of the Congo Department Bouenza
0%
Algeria Province Boumerdès
0%
Ivory Coast Region Bounkani
0%
Slovenia Municipality Bovec
0%
Colombia Department Boyacá
0%
Mauritania Region Brakna
0%
Serbia District Braničevo
0%
Slovenia Municipality Braslovče
0%
Cape Verde Municipality Brava
0%
Slovenia Municipality Brda
0%
Slovenia Municipality Brežice
0%
Slovenia Municipality Brezovica
0%
Moldova District Briceni
0%
Suriname District Brokopondo
0%
North Macedonia Municipality Brvenica
0%
Nauru District Buada
0%
Burundi Province Bubanza
0%
Uganda District Budaka
0%
Uganda District Bududa
0%
Uganda District Bugiri
0%
Uganda District Bugweri
0%
Uganda District Buhweju
0%
Uganda District Buikwe
0%
Burundi Province Bujumbura Rural
0%
Uganda District Bukedea
0%
Uganda District Bukomansimbi
0%
Uganda District Bukwo
0%
Uganda District Bulambuli
0%
Mongolia Province Bulgan
0%
Uganda District Buliisa
0%
Bhutan District Bumthang
0%
Uganda District Bundibugyo
0%
Kenya County Bungoma
0%
Uganda District Bunyangabu
0%
Burundi Province Bururi
0%
Iran Province Bushehr
0%
Uganda District Bushenyi
0%
Kenya County Busia
0%
Uganda District Busia
0%
Uganda District Butaleja
0%
Uganda District Butambala
0%
Uganda District Butebo
0%
North Macedonia Municipality Butel
0%
Lesotho District Butha-Buthe
0%
Uganda District Buvuma
0%
Uganda District Buyende
0%
Paraguay Departament Caaguazú
0%
El Salvador Department Cabañas
0%
Guinea-Bissau Region Cacheu
0%
Philippines Region Cagayan Valley
0%
Moldova District Cahul
0%
Colombia Department Caldas
0%
Vietnam Province Cà Mau
0%
Uruguay Departament Canelones
0%
Turkey Province Çankırı
0%
Slovenia Municipality Cankova
0%
Burundi Province Cankuzo
0%
São Tomé and Príncipe District Cantagalo
0%
Moldova District Cantemir
0%
Vietnam Province Cao Bằng
0%
Philippines Region Caraga
0%
Nicaragua Department Carazo
0%
Ecuador Province Carchi
0%
Grenada Dependency Carriacou and Petite Martinique
0%
Costa Rica Province Cartago
0%
Colombia Department Casanare
0%
Seychelles District Cascade
0%
Burkina Faso Region Cascades
0%
North Macedonia Municipality Čaška
0%
Bahamas District Cat Island
0%
São Tomé and Príncipe District Caué
0%
Moldova District Căușeni
0%
Ivory Coast Region Cavally
0%
Belize District Cayo
0%
North Macedonia Municipality Centar Župa
0%
Bahamas District Central Abaco
0%
Bahamas District Central Eleuthera
0%
South Sudan State Central Equatoria
0%
Philippines Region Central Luzon
0%
Gambia Region Central River
0%
Philippines Region Central Visayas
0%
Slovenia Municipality Cerklje na Gorenjskem
0%
Slovenia Municipality Cerknica
0%
Slovenia Municipality Cerkno
0%
Slovenia Municipality Cerkvenjak
0%
Uruguay Departament Cerro Largo
0%
North Macedonia Municipality Češinovo-Obleševo
0%
Latvia Municipality Cēsis
0%
North Korea Province Chagang
0%
Iran Province Chaharmahal and Bakhtiari
0%
Thailand Province Chai Nat
0%
Thailand Province Chaiyaphum
0%
El Salvador Department Chalatenango
0%
Laos Province Champasak
0%
Thailand Province Chanthaburi
0%
Chad Region Chari-Baguirmi
0%
Saint Vincent and the Grenadines Parish Charlotte
0%
Bhutan District Chhukha
0%
San Marino Municipality Chiesanuova
0%
Guatemala Department Chimaltenango
0%
Papua New Guinea Province Chimbu
0%
Nicaragua Department Chinandega
0%
Guatemala Department Chiquimula
0%
Panama Province Chiriquí
0%
Algeria Province Chlef
0%
Botswana District Chobe
0%
Colombia Department Chocó
0%
Honduras Department Choluteca
0%
Nicaragua Department Chontales
0%
Thailand Province Chumphon
0%
Bolivia Department Chuquisaca
0%
Kyrgyzstan Region Chuy
0%
Burundi Province Cibitoke
0%
Cuba Province Ciego de Ávila
0%
Moldova District Cimișlia
0%
Slovenia Municipality Cirkulane
0%
Jamaica Parish Clarendon
0%
Panama Province Coclé
0%
Venezuela State Cojedes
0%
Benin Department Collines
0%
Honduras Department Comayagua
0%
Suriname District Commewijne
0%
Paraguay Departament Concepción
0%
Honduras Department Copán
0%
Zambia Province Copperbelt
0%
Suriname District Coronie
0%
Belize District Corozal
0%
Honduras Department Cortés
0%
Turkey Province Çorum
0%
Trinidad and Tobago Region Couva–Tabaquite–Talparo
0%
East Timor Municipality Covalima
0%
Slovenia Municipality Črenšovci
0%
Moldova District Criuleni
0%
Slovenia Municipality Črna na Koroškem
0%
Slovenia Municipality Črnomelj
0%
Bahamas District Crooked Island
0%
Nigeria State Cross River
0%
Hungary County Csongrád-Csanád
0%
Angola Province Cuando Cubango
0%
Angola Province Cuanza Norte
0%
Angola Province Cuanza Sul
0%
North Macedonia Municipality Čučer-Sandevo
0%
Angola Province Cunene
0%
El Salvador Department Cuscatlán
0%
Republic of the Congo Department Cuvette
0%
Republic of the Congo Department Cuvette-Ouest
0%
Guyana Region Cuyuni-Mazaruni
0%
Bhutan District Dagana
0%
Dominican Republic Province Dajabón
0%
Egypt Governorate Dakahlia
0%
Iceland Municipality Dalabyggð
0%
Iceland Municipality Dalvíkurbyggð
0%
Myanmar Zone Danu
0%
Mongolia Province Darkhan-Uul
0%
Azerbaijan District Dashkasan
0%
North Macedonia Municipality Debarca
0%
Nigeria State Delta
0%
Venezuela State Delta Amacuro
0%
Guyana Region Demerara-Mahaica
0%
North Macedonia Municipality Demir Hisar
0%
North Macedonia Municipality Demir Kapija
0%
Nauru District Denigomodu
0%
Saint Lucia District Dennery
0%
Libya District Derna
0%
Slovenia Municipality Destrnik
0%
Yemen Province Dhamar
0%
Iraq Province Dhi Qar
0%
Madagascar Region Diana
0%
Trinidad and Tobago Region Diego Martin
0%
Niger Region Diffa
0%
Djibouti Region Dikhil
0%
Vietnam Province Điện Biên
0%
Senegal Region Diourbel
0%
Slovenia Municipality Divača
0%
Iraq Province Diyala
0%
Algeria Province Djanet
0%
Algeria Province Djelfa
0%
Vietnam Province Đắk Lắk
0%
Vietnam Province Đắk Nông
0%
Vietnam Province Đồng Nai
0%
Vietnam Province Đồng Tháp
0%
Latvia Municipality Dobele
0%
Slovenia Municipality Dobje
0%
Slovenia Municipality Dobrepolje
0%
Slovenia Municipality Dobrna
0%
Slovenia Municipality Dobrova–Polhov Gradec
0%
Slovenia Municipality Dobrovnik
0%
North Macedonia Municipality Dojran
0%
Uganda District Dokolo
0%
Slovenia Municipality Dolenjske Toplice
0%
North Macedonia Municipality Dolneni
0%
San Marino Municipality Domagnano
0%
Slovenia Municipality Domžale
0%
Moldova District Dondușeni
0%
Benin Department Donga
0%
Slovenia Municipality Dornava
0%
Niger Region Dosso
0%
Slovenia Municipality Dravograd
0%
Moldova District Drochia
0%
Dominican Republic Province Duarte
0%
Moldova District Dubăsari
0%
Mongolia Province Dundgovi
0%
Slovenia Municipality Duplek
0%
Uruguay Departament Durazno
0%
Turkey Province Düzce
0%
Guyana Region East Berbice-Corentyne
0%
South Sudan State Eastern Equatoria
0%
Philippines Region Eastern Visayas
0%
Bahamas District East Grand Bahama
0%
Papua New Guinea Province East Sepik
0%
Marshall Islands Municipality Ebon
0%
Nigeria State Ebonyi
0%
Luxembourg Canton Echternach
0%
Moldova District Edineț
0%
Nigeria State Edo
0%
Nigeria State Ekiti
0%
Turkey Province Elazığ
0%
Algeria Province El Bayadh
0%
Kenya County Elgeyo-Marakwet
0%
Dominican Republic Province Elías Piña
0%
Algeria Province El Menia
0%
Algeria Province El M'Ghair
0%
Honduras Department El Paraíso
0%
Guatemala Department El Progreso
0%
Dominican Republic Province El Seibo
0%
Algeria Province El Taref
0%
Panama Region Emberá-Wounaan
0%
Kenya County Embu
0%
Marshall Islands Municipality Enewetok | Ujelang
0%
Papua New Guinea Province Enga
0%
Seychelles District English River
0%
Chad Region Ennedi-Est
0%
Chad Region Ennedi-Ouest
0%
East Timor Municipality Ermera
0%
Namibia Region Erongo
0%
Turkey Province Erzincan
0%
Guatemala Department Escuintla
0%
Ecuador Province Esmeraldas
0%
Dominican Republic Province Espaillat
0%
Nicaragua Department Estelí
0%
Gabon Province Estuaire
0%
Tonga Division ʻEua
0%
Nauru District Ewa
0%
Bahamas District Exuma
0%
Iceland Municipality Eyjafjarðarsveit
0%
Iceland Municipality Eyja- og Miklaholtshreppur
0%
Maldives Atoll Faadhippolhu
0%
Samoa District Faʻasaleleaga
0%
San Marino Municipality Faetano
0%
Egypt Governorate Faiyum
0%
Venezuela State Falcón
0%
Moldova District Fălești
0%
Guinea Region Faranah
0%
Kuwait Province Farwaniya
0%
Senegal Region Fatick
0%
Venezuela Dependency Federal Dependencies
0%
Hungary County Fejér
0%
Maldives Atoll Felidhu Atoll
0%
Madagascar Region Fitovinany
0%
Iceland Municipality Fjallabyggð
0%
Iceland Municipality Fjarðabyggð
0%
Iceland Municipality Fljótsdalshreppur
0%
Iceland Municipality Flóahreppur
0%
Moldova District Florești
0%
Ivory Coast Region Folon
0%
Honduras Department Francisco Morazán
0%
Botswana City Francistown
0%
Maldives City Fuvahmulah
0%
Azerbaijan District Fuzuli
0%
Tunisia Governorate Gabès
0%
Guinea-Bissau Region Gabu
0%
Azerbaijan District Gadabay
0%
Tunisia Governorate Gafsa
0%
Samoa District Gagaʻemauga
0%
Samoa District Gagaʻifomauga
0%
Somalia State Galmudug
0%
Ethiopia Region Gambela
0%
Liechtenstein Municipality Gamprin
0%
Nepal Province Gandaki
0%
Iceland Municipality Garðabær
0%
Kenya County Garissa
0%
Bhutan District Gasa
0%
Eritrea Region Gash-Barka
0%
Liberia County Gbarpolu
0%
Ivory Coast Region Gbêkê
0%
Ivory Coast Region Gbôklé
0%
Armenia Province Gegharkunik
0%
Tanzania Region Geita
0%
Sudan State Gezira
0%
Botswana District Ghanzi
0%
Egypt Governorate Gharbia
0%
Algeria Province Ghardaïa
0%
Vietnam Province Gia Lai
0%
Turkey Province Giresun
0%
North Macedonia Municipality Gjorče Petrov
0%
Seychelles District Glacis
0%
Moldova District Glodeni
0%
Azerbaijan District Gobustan
0%
Ivory Coast Region Gôh
0%
Uganda District Gomba
0%
Nigeria State Gombe
0%
Ivory Coast Region Gontougo
0%
Azerbaijan District Goranboy
0%
Slovenia Municipality Gorenja Vas–Poljane
0%
Mauritania Region Gorgol
0%
Slovenia Municipality Gorišnica
0%
Slovenia Municipality Gorje
0%
Slovenia Municipality Gornja Radgona
0%
Slovenia Municipality Gornji Grad
0%
Slovenia Municipality Gornji Petrovci
0%
Mongolia Province Govisumber
0%
Azerbaijan District Goychay
0%
Azerbaijan District Goygol
0%
Honduras Department Gracias a Dios
0%
Slovenia Municipality Grad
0%
North Macedonia Municipality Gradsko
0%
Haiti Department Grand'Anse
0%
Seychelles District Grand'Anse Mahé
0%
Seychelles District Grand'Anse Praslin
0%
Liberia County Grand Bassa
0%
Liberia County Grand Cape Mount
0%
Liberia County Grand Gedeh
0%
Liberia County Grand Kru
0%
Ivory Coast Region Grands-Ponts
0%
Cuba Province Granma
0%
Bahamas District Green Turtle Cay
0%
Iceland Municipality Grímsnes- og Grafningshreppur
0%
Iceland Municipality Grindavíkurbær
0%
Saint Lucia District Gros Islet
0%
Slovenia Municipality Grosuplje
0%
Iceland Municipality Grundarfjarðarbær
0%
Iceland Municipality Grýtubakkahreppur
0%
Colombia Department Guainía
0%
Paraguay Departament Guairá
0%
Venezuela State Guárico
0%
Colombia Department Guaviare
0%
Morocco Region Guelmim-Oued Noun
0%
Ivory Coast Region Guémon
0%
Chad Region Guéra
0%
Mauritania Region Guidimaka
0%
Latvia Municipality Gulbene
0%
Papua New Guinea Province Gulf
0%
Uganda District Gulu
0%
Turkey Province Gümüşhane
0%
Panama Region Guna Yala
0%
Georgia Region Guria
0%
Tonga Division Haʻapai
0%
Chad Region Hadjer-Lamis
0%
Yemen Province Hadramaut
0%
Vietnam Province Hà Giang
0%
Maldives Atoll Hahdhunmathi
0%
Slovenia Municipality Hajdina
0%
Hungary County Hajdú-Bihar
0%
Azerbaijan District Hajigabul
0%
Yemen Province Hajjah
0%
Iraq Province Halabja
0%
Iran Province Hamadan
0%
Ivory Coast Region Hambol
0%
Bahamas District Harbour Island
0%
Namibia Region Hardap
0%
Estonia County Harju
0%
Vietnam Province Hà Tĩnh
0%
Palau State Hatohobei
0%
Dominican Republic Province Hato Mayor
0%
Central African Republic Prefecture Haute-Kotto
0%
Madagascar Region Haute Matsiatra
0%
Democratic Republic of the Congo Province Haut-Katanga
0%
Democratic Republic of the Congo Province Haut-Lomami
0%
Central African Republic Prefecture Haut-Mbomou
0%
Gabon Province Haut-Ogooué
0%
Ivory Coast Region Haut-Sassandra
0%
Burkina Faso Region Hauts-Bassins
0%
Democratic Republic of the Congo Province Haut-Uélé
0%
Kuwait Province Hawalli
0%
Dominican Republic Province Hermanas Mirabal
0%
Panama Province Herrera
0%
Hungary County Heves
0%
Eswatini Region Hhohho
0%
Moldova District Hîncești
0%
Somalia State Hirshabelle
0%
Vietnam Province Hòa Bình
0%
Slovenia Municipality Hoče–Slivnica
0%
Mauritania Region Hodh Ech Chargui
0%
Mauritania Region Hodh El Gharbi
0%
Slovenia Municipality Hodoš
0%
Uganda District Hoima
0%
Cuba Province Holguín
0%
Kenya County Homa Bay
0%
Bahamas District Hope Town
0%
Iceland Municipality Hörgársveit
0%
Slovenia Municipality Horjul
0%
Iceland Municipality Hornafjörður
0%
Laos Province Houaphan
0%
Slovenia Municipality Hrastnik
0%
Slovenia Municipality Hrpelje-Kozina
0%
Iceland Municipality Hrunamannahreppur
0%
Peru Departament Huancavelica
0%
Peru Departament Huánuco
0%
Guatemala Department Huehuetenango
0%
Vietnam Province Hậu Giang
0%
Iceland Municipality Húnabyggð
0%
Iceland Municipality Húnaþing vestra
0%
Iceland Municipality Hvalfjarðarsveit
0%
Iceland Municipality Hveragerði
0%
Moldova District Ialoveni
0%
Uganda District Ibanda
0%
Estonia County Ida-Viru
0%
Slovenia Municipality Idrija
0%
Ivory Coast Region Iffou
0%
Uganda District Iganga
0%
Turkey Province Iğdır
0%
Madagascar Region Ihorombe
0%
Nauru District Ijuw
0%
Slovenia Municipality Ilirska Bistrica
0%
Algeria Province Illizi
0%
Philippines Region Ilocos
0%
Ecuador Province Imbabura
0%
Azerbaijan District Imishli
0%
Nigeria State Imo
0%
Bahamas District Inagua
0%
Mauritania Region Inchiri
0%
Ivory Coast Region Indénié-Djuablin
0%
Dominican Republic Province Independencia
0%
Algeria Province In Guezzam
0%
Algeria Province In Salah
0%
Honduras Department Intibucá
0%
Tanzania Region Iringa
0%
Solomon Islands Province Isabel
0%
Iceland Municipality Ísafjarðarbær
0%
Uganda District Isingiro
0%
Kenya County Isiolo
0%
Egypt Governorate Ismailia
0%
Azerbaijan District Ismayilli
0%
Madagascar Region Itasy
0%
Democratic Republic of the Congo Province Ituri
0%
Slovenia Municipality Ivančna Gorica
0%
Guatemala Department Izabal
0%
Slovenia Municipality Izola
0%
Libya District Jabal al Akhdar
0%
Libya District Jabal al Gharbi
0%
Marshall Islands Municipality Jabat
0%
Serbia District Jablanica
0%
Azerbaijan District Jabrayil
0%
Libya District Jafara
0%
Kuwait Province Jahra
0%
Guatemala Department Jalapa
0%
Azerbaijan District Jalilabad
0%
Marshall Islands Municipality Jaluit
0%
Indonesia Province Jambi
0%
Estonia County Järva
0%
Hungary County Jász-Nagykun-Szolnok
0%
Saudi Arabia Region Jawf
0%
North Macedonia Municipality Jegunovce
0%
Latvia City Jelgava
0%
Latvia Municipality Jelgava
0%
Tunisia Governorate Jendouba
0%
Jordan Governorate Jerash
0%
Slovenia Municipality Jesenice
0%
Slovenia Municipality Jezersko
0%
Nigeria State Jigawa
0%
Algeria Province Jijel
0%
Uganda District Jinja
0%
Nicaragua Department Jinotega
0%
Papua New Guinea Province Jiwaka
0%
Uzbekistan Region Jizzakh
0%
Estonia County Jõgeva
0%
South Sudan State Jonglei
0%
Afghanistan Province Jowzjan
0%
Libya District Jufra
0%
Peru Departament Junín
0%
Slovenia Municipality Juršinci
0%
Guatemala Department Jutiapa
0%
Botswana Town Jwaneng
0%
Uganda District Kaabong
0%
Ivory Coast Region Kabadougou
0%
Uganda District Kabale
0%
Uganda District Kabarole
0%
Uganda District Kaberamaido
0%
Myanmar State Kachin
0%
Nigeria State Kaduna
0%
North Korea Special-level City Kaesong
0%
Senegal Region Kaffrine
0%
Egypt Governorate Kafr El Sheikh
0%
Uganda District Kagadi
0%
Tanzania Region Kagera
0%
Kenya County Kajiado
0%
Kenya County Kakamega
0%
Uganda District Kakumiro
0%
Uganda District Kalaki
0%
Uganda District Kalangala
0%
Thailand Province Kalasin
0%
Azerbaijan District Kalbajar
0%
Iceland Municipality Kaldrananeshreppur
0%
Uganda District Kaliro
0%
Uganda District Kalungu
0%
Slovenia Municipality Kamnik
0%
Thailand Province Kamphaeng Phet
0%
Cambodia Province Kampong Cham
0%
Cambodia Province Kampong Chhnang
0%
Cambodia Province Kampong Speu
0%
Cambodia Province Kampong Thom
0%
Cambodia Province Kampot
0%
Uganda District Kamuli
0%
Uganda District Kamwenge
0%
Thailand Province Kanchanaburi
0%
Cambodia Province Kandal
0%
Chad Region Kanem
0%
North Korea Province Kangwon
0%
Guinea Region Kankan
0%
Uganda District Kanungu
0%
Senegal Region Kaolack
0%
Uganda District Kapchorwa
0%
Uganda District Kapelebyong
0%
Afghanistan Province Kapisa
0%
Turkey Province Karabük
0%
North Macedonia Municipality Karbinci
0%
Uganda District Karenga
0%
Nepal Province Karnali
0%
North Macedonia Municipality Karpoš
0%
Burundi Province Karuzi
0%
Democratic Republic of the Congo Province Kasaï-Central
0%
Democratic Republic of the Congo Province Kasaï-Oriental
0%
Uganda District Kasanda
0%
Uganda District Kasese
0%
Sudan State Kassala
0%
Tunisia Governorate Kasserine
0%
Turkey Province Kastamonu
0%
Uganda District Katakwi
0%
Tanzania Region Katavi
0%
Nigeria State Katsina
0%
North Macedonia Municipality Kavadarci
0%
Namibia Region Kavango East
0%
Namibia Region Kavango West
0%
Palau State Kayangel
0%
Burundi Province Kayanza
0%
Uganda District Kayunga
0%
Uganda District Kazo
0%
Nigeria State Kebbi
0%
Tunisia Governorate Kebili
0%
Malaysia State Kedah
0%
Senegal Region Kédougou
0%
Latvia Municipality Ķekava
0%
Malaysia State Kelantan
0%
Central African Republic Prefecture Kémo
0%
Cambodia Province Kep
0%
Kenya County Kericho
0%
Lebanon Governorate Keserwan-Jbeil
0%
Botswana District Kgalagadi
0%
Botswana District Kgatleng
0%
Azerbaijan District Khachmaz
0%
Laos Province Khammouan
0%
Vietnam Province Khánh Hòa
0%
Tajikistan Region Khatlon
0%
Algeria Province Khenchela
0%
Azerbaijan District Khizi
0%
Azerbaijan District Khojaly
0%
Azerbaijan District Khojavend
0%
Namibia Region Khomas
0%
Thailand Province Khon Kaen
0%
Afghanistan Province Khost
0%
Mongolia Province Khövsgöl
0%
Kenya County Kiambu
0%
Uganda District Kibaale
0%
Uganda District Kiboga
0%
Uganda District Kibuku
0%
Slovenia Municipality Kidričevo
0%
Vietnam Province Kiên Giang
0%
Equatorial Guinea Province Kié-Ntem
0%
Tanzania Region Kigoma
0%
Uganda District Kikuube
0%
Kenya County Kilifi
0%
Guinea Region Kindia
0%
Turkey Province Kırıkkale
0%
Kenya County Kirinyaga
0%
Turkey Province Kırşehir
0%
Uganda District Kiruhura
0%
Burundi Province Kirundo
0%
Uganda District Kiryandongo
0%
North Macedonia Municipality Kisela Voda
0%
Kenya County Kisii
0%
Uganda District Kisoro
0%
Kenya County Kisumu
0%
Uganda District Kitagwenda
0%
Uganda District Kitgum
0%
Kenya County Kitui
0%
Iceland Municipality Kjósarhreppur
0%
Slovenia Municipality Kobarid
0%
Slovenia Municipality Kobilje
0%
Uganda District Koboko
0%
North Macedonia Municipality Kočani
0%
Slovenia Municipality Kočevje
0%
Nigeria State Kogi
0%
Iran Province Kohgiluyeh and Boyer-Ahmad
0%
Cambodia Province Koh Kong
0%
Myanmar Zone Kokang
0%
Montenegro Municipality Kolašin
0%
Senegal Region Kolda
0%
Uganda District Kole
0%
Maldives Atoll Kolhumadulu
0%
Serbia District Kolubara
0%
Slovenia Municipality Komen
0%
Slovenia Municipality Komenda
0%
North Macedonia Municipality Konče
0%
Croatia County Koprivnica-Križevci
0%
Slovenia Municipality Kostanjevica na Krki
0%
Slovenia Municipality Kostel
0%
Armenia Province Kotayk
0%
Uganda District Kotido
0%
Benin Department Kouffo
0%
Republic of the Congo Department Kouilou
0%
Mali Region Koulikoro
0%
Slovenia Municipality Kozje
0%
Slovenia Municipality Kranjska Gora
0%
Croatia County Krapina-Zagorje
0%
Latvia Municipality Krāslava
0%
Cambodia Province Kratié
0%
North Macedonia Municipality Kratovo
0%
North Macedonia Municipality Krivogaštani
0%
Slovenia Municipality Križevci
0%
Slovenia Municipality Krško
0%
North Macedonia Municipality Kruševo
0%
Libya District Kufra
0%
Latvia Municipality Kuldīga
0%
Uganda District Kumi
0%
Afghanistan Province Kunar
0%
Namibia Region Kunene
0%
Slovenia Municipality Kungota
0%
Azerbaijan District Kurdamir
0%
Turkey Province Kütahya
0%
Slovenia Municipality Kuzma
0%
Georgia Region Kvemo Kartli
0%
Marshall Islands Municipality Kwajalein
0%
Kenya County Kwale
0%
Democratic Republic of the Congo Province Kwango
0%
Uganda District Kwania
0%
Nigeria State Kwara
0%
Uganda District Kween
0%
Botswana District Kweneng
0%
Democratic Republic of the Congo Province Kwilu
0%
Uganda District Kyankwanzi
0%
Uganda District Kyegegwa
0%
Uganda District Kyenjojo
0%
Finland Region Kymenlaakso
0%
Uganda District Kyotera
0%
Kazakhstan Region Kyzylorda
0%
Dominican Republic Province La Altagracia
0%
Estonia County Lääne-Viru
0%
Guinea Region Labé
0%
Saint Lucia District Laborie
0%
Malaysia Territory Labuan
0%
Seychelles District La Digue and Inner Islands
0%
Afghanistan Province Laghman
0%
Algeria Province Laghouat
0%
Yemen Province Lahij
0%
Vietnam Province Lai Châu
0%
Kenya County Laikipia
0%
South Sudan State Lakes
0%
El Salvador Department La Libertad
0%
Peru Departament La Libertad
0%
Peru Departament Lambayeque
0%
Vietnam Province Lâm Đồng
0%
Thailand Province Lampang
0%
Kenya County Lamu
0%
Uganda District Lamwo
0%
Iceland Municipality Langanesbyggð og Svalbarðshreppur
0%
Azerbaijan City Lankaran
0%
Azerbaijan District Lankaran
0%
Vietnam Province Lào Cai
0%
Dominican Republic Province La Romana
0%
Monaco Ward La Rousse
0%
Monaco Ward Larvotto
0%
Slovenia Municipality Laško
0%
El Salvador Department La Unión
0%
East Timor Municipality Lautém
0%
Dominican Republic Province La Vega
0%
Republic of the Congo Department Lékoumou
0%
São Tomé and Príncipe District Lembá
0%
Honduras Department Lempira
0%
Slovenia Municipality Lenart
0%
Slovenia Municipality Lendava
0%
Moldova District Leova
0%
Lesotho District Leribe
0%
Seychelles District Les Mamelles
0%
Bhutan District Lhuentse
0%
Marshall Islands Municipality Likiep
0%
Republic of the Congo Department Likouala
0%
Latvia Municipality Limbaži
0%
Central African Republic Prefecture Lim-Pendé
0%
Tanzania Region Lindi
0%
North Macedonia Municipality Lipkovo
0%
East Timor Municipality Liquiçá
0%
Uganda District Lira
0%
Slovenia Municipality Litija
0%
Latvia Municipality Līvāni
0%
Slovenia Municipality Ljubno
0%
Slovenia Municipality Ljutomer
0%
Vietnam Province Lạng Sơn
0%
São Tomé and Príncipe District Lobata
0%
Botswana Town Lobatse
0%
Central African Republic Prefecture Lobaye
0%
Liberia County Lofa
0%
Afghanistan Province Logar
0%
Slovenia Municipality Logatec
0%
Slovenia Municipality Log-Dragomer
0%
Chad Region Logone Occidental
0%
Chad Region Logone Oriental
0%
Ivory Coast Region Lôh-Djiboua
0%
Ecuador Province Loja
0%
Democratic Republic of the Congo Province Lomami
0%
Vietnam Province Long An
0%
Thailand Province Lopburi
0%
Armenia Province Lori
0%
Slovenia Municipality Loška Dolina
0%
Slovenia Municipality Loški Potok
0%
Chile Region Los Ríos
0%
Ecuador Province Los Ríos
0%
Panama Province Los Santos
0%
Senegal Region Louga
0%
Slovenia Municipality Lovrenc na Pohorju
0%
Gambia Region Lower River
0%
North Macedonia Municipality Lozovo
0%
Democratic Republic of the Congo Province Lualaba
0%
Laos Province Luang Namtha
0%
Zambia Province Luapula
0%
Eswatini Region Lubombo
0%
Latvia Municipality Ludza
0%
Slovenia Municipality Lukovica
0%
Nepal Province Lumbini
0%
Angola Province Lunda Norte
0%
Angola Province Lunda Sul
0%
Uganda District Luuka
0%
Uganda District Luweero
0%
Uganda District Lwengo
0%
Uganda District Lyantonde
0%
Jordan Governorate Ma'an
0%
Kenya County Machakos
0%
Serbia District Mačva
0%
Jordan Governorate Madaba
0%
Papua New Guinea Province Madang
0%
Nepal Province Madhesh
0%
Latvia Municipality Madona
0%
Peru Departament Madre de Dios
0%
Nicaragua Department Madriz
0%
Lesotho District Mafeteng
0%
Jordan Governorate Mafraq
0%
Colombia Department Magdalena
0%
Myanmar Region Magway
0%
Guyana Region Mahaica-Berbice
0%
Thailand Province Maha Sarakham
0%
Tunisia Governorate Mahdia
0%
Democratic Republic of the Congo Province Mai-Ndombe
0%
Cape Verde Municipality Maio
0%
Slovenia Municipality Majšperk
0%
Burundi Province Makamba
0%
North Macedonia Municipality Makedonska Kamenica
0%
Solomon Islands Province Makira-Ulawa
0%
Slovenia Municipality Makole
0%
Kenya County Makueni
0%
Malaysia State Malacca
0%
Solomon Islands Province Malaita
0%
Vanuatu Province Malampa
0%
Angola Province Malanje
0%
Uruguay Departament Maldonado
0%
Marshall Islands Municipality Maloelap
0%
Central African Republic Prefecture Mambéré
0%
Central African Republic Prefecture Mambéré-Kadéï
0%
Guinea Region Mamou
0%
Ecuador Province Manabí
0%
Uganda District Manafwa
0%
East Timor Municipality Manatuto
0%
Jamaica Parish Manchester
0%
Kenya County Mandera
0%
Chad Region Mandoul
0%
Bahamas District Mangrove Cay
0%
Democratic Republic of the Congo Province Maniema
0%
Tunisia Governorate Manouba
0%
East Timor Municipality Manufahi
0%
Papua New Guinea Province Manus
0%
Tanzania Region Manyara
0%
Eswatini Region Manzini
0%
Uganda District Maracha
0%
Niger Region Maradi
0%
Ivory Coast Region Marahoué
0%
Dominican Republic Province María Trinidad Sánchez
0%
Iran Province Markazi
0%
Slovenia Municipality Markovci
0%
Suriname District Marowijne
0%
Kenya County Marsabit
0%
Latvia Municipality Mārupe
0%
Uganda District Masaka
0%
Azerbaijan District Masally
0%
Nicaragua Department Masaya
0%
Algeria Province Mascara
0%
Uganda District Masindi
0%
Nicaragua Department Matagalpa
0%
Senegal Region Matam
0%
Egypt Governorate Matrouh
0%
Chile Region Maule
0%
Liechtenstein Municipality Mauren
0%
Cuba Province Mayabeque
0%
Bahamas District Mayaguana
0%
Trinidad and Tobago Region Mayaro–Rio Claro
0%
Chad Region Mayo-Kebbi Est
0%
Chad Region Mayo-Kebbi Ouest
0%
Iraq Province Maysan
0%
Uganda District Mayuge
0%
Uganda District Mbale
0%
Uganda District Mbarara
0%
Tanzania Region Mbeya
0%
Central African Republic Prefecture Mbomou
0%
Tunisia Governorate Medenine
0%
Croatia County Međimurje
0%
Slovenia Municipality Medvode
0%
Marshall Islands Municipality Mejit
0%
Madagascar Region Melaky
0%
Palau State Melekeok
0%
Madagascar Region Menabe
0%
Mali Region Ménaka
0%
Nauru District Meneng
0%
Slovenia Municipality Mengeš
0%
Luxembourg Canton Mersch
0%
Kenya County Meru
0%
Slovenia Municipality Metlika
0%
Slovenia Municipality Mežica
0%
São Tomé and Príncipe District Mé-Zóchi
0%
Saint Lucia District Micoud
0%
Kenya County Migori
0%
Slovenia Municipality Miklavž na Dravskem Polju
0%
Marshall Islands Municipality Mili
0%
Papua New Guinea Province Milne Bay
0%
Azerbaijan City Mingachevir
0%
Egypt Governorate Minya
0%
Slovenia Municipality Mirna
0%
Slovenia Municipality Mirna Peč
0%
Slovenia Municipality Mislinja
0%
Uganda District Mitooma
0%
Uganda District Mityana
0%
Tanzania Region Mjini Magharibi
0%
North Macedonia Municipality Mogila
0%
Lesotho District Mohale's Hoek
0%
Montenegro Municipality Mojkovac
0%
Lesotho District Mokhotlong
0%
Slovenia Municipality Mokronog-Trebelno
0%
Venezuela State Monagas
0%
Tunisia Governorate Monastir
0%
Cambodia Province Mondulkiri
0%
Democratic Republic of the Congo Province Mongala
0%
Bhutan District Mongar
0%
Benin Department Mono
0%
Dominican Republic Province Monseñor Nouel
0%
Seychelles District Mont Buxton
0%
Dominican Republic Province Monte Cristi
0%
San Marino Municipality Montegiardino
0%
Dominican Republic Province Monte Plata
0%
Seychelles District Mont Fleuri
0%
Liberia County Montserrado
0%
Egypt Governorate Monufia
0%
Bahamas District Moore's Island
0%
Mali Region Mopti
0%
Peru Departament Moquegua
0%
Slovenia Municipality Moravče
0%
Slovenia Municipality Moravske Toplice
0%
El Salvador Department Morazán
0%
Papua New Guinea Province Morobe
0%
Tanzania Region Morogoro
0%
Ivory Coast Region Moronou
0%
Uganda District Moroto
0%
Iceland Municipality Mosfellsbær
0%
Algeria Province Mostaganem
0%
Cape Verde Municipality Mosteiros
0%
Angola Province Moxico
0%
Chad Region Moyen-Chari
0%
Gabon Province Moyen-Ogooué
0%
Uganda District Moyo
0%
Slovenia Municipality Mozirje
0%
Uganda District Mpigi
0%
Algeria Province M'Sila
0%
Georgia Region Mtskheta-Mtianeti
0%
Uganda District Mubende
0%
Zambia Province Muchinga
0%
Bahrain Province Muharraq
0%
Thailand Province Mukdahan
0%
Uganda District Mukono
0%
Maldives Atoll Mulaku Atoll
0%
Iceland Municipality Múlaþing
0%
Burundi Province Muramvya
0%
Kenya County Murang'a
0%
Libya District Murqub
0%
Slovenia City Murska Sobota
0%
Libya District Murzuq
0%
Philippines Autonomous Region Muslim Mindanao
0%
Slovenia Municipality Muta
0%
Iraq Province Muthanna
0%
Burundi Province Muyinga
0%
Tanzania Region Mwanza
0%
Burundi Province Mwaro
0%
Bangladesh Division Mymensingh
0%
Iceland Municipality Mýrdalshreppur
0%
Algeria Province Naâma
0%
Lebanon Governorate Nabatieh
0%
Tunisia Governorate Nabeul
0%
Uganda District Nabilatuk
0%
Azerbaijan City Naftalan
0%
Uganda District Nakapiripirit
0%
Uganda District Nakaseke
0%
Uganda District Nakasongola
0%
Thailand Province Nakhon Nayok
0%
Thailand Province Nakhon Pathom
0%
Thailand Province Nakhon Phanom
0%
Slovenia Municipality Naklo
0%
Kenya County Nakuru
0%
Libya District Nalut
0%
Uzbekistan Region Namangan
0%
Uganda District Namayingo
0%
Vietnam Province Nam Định
0%
Marshall Islands Municipality Namdrik
0%
Angola Province Namibe
0%
Uganda District Namisindwa
0%
North Korea Special City Nampo
0%
Marshall Islands Municipality Namu
0%
Uganda District Namutumba
0%
Central African Republic Prefecture Nana-Grébizi
0%
Central African Republic Prefecture Nana-Mambéré
0%
Kenya County Nandi
0%
Tuvalu Island Nanumanga
0%
Tuvalu Island Nanumea
0%
Uganda District Napak
0%
Ecuador Province Napo
0%
Thailand Province Narathiwat
0%
Colombia Department Nariño
0%
Kenya County Narok
0%
Nigeria State Nasarawa
0%
Panama Region Naso Tjër Di
0%
Uzbekistan Region Navoiy
0%
Ivory Coast Region Nawa
0%
Slovenia Municipality Nazarje
0%
Uganda District Nebbi
0%
Azerbaijan District Neftchala
0%
Malaysia State Negeri Sembilan
0%
Turkey Province Nevşehir
0%
Panama Region Ngäbe-Buglé
0%
Palau State Ngaraard
0%
Palau State Ngarchelong
0%
Palau State Ngardmau
0%
Palau State Ngatpang
0%
Palau State Ngchesar
0%
Palau State Ngeremlengui
0%
Palau State Ngiwal
0%
Uganda District Ngora
0%
Gabon Province Ngounié
0%
Burundi Province Ngozi
0%
Republic of the Congo Department Niari
0%
Nauru District Nibok
0%
Suriname District Nickerie
0%
Turkey Province Niğde
0%
Liberia County Nimba
0%
Vietnam Province Ninh Bình
0%
Vietnam Province Ninh Thuận
0%
Haiti Department Nippes
0%
Moldova District Nisporeni
0%
Tonga Division Niua
0%
Tuvalu Island Niulakita
0%
Tuvalu Island Niutao
0%
Tanzania Region Njombe
0%
Hungary County Nógrád
0%
Thailand Province Nong Bua Lamphu
0%
Thailand Province Nong Khai
0%
Thailand Province Nonthaburi
0%
Democratic Republic of the Congo Province Nord-Ubangi
0%
Iceland Municipality Norðurþing
0%
Bahamas District North Abaco
0%
Maldives Atoll North Ari Atoll
0%
Sri Lanka Province North Central
0%
Bahamas District North Eleuthera
0%
South Sudan State Northern Bahr el Ghazal
0%
Eritrea Region Northern Red Sea
0%
North Korea Province North Hamgyong
0%
Maldives Atoll North Huvadhu Atoll
0%
North Korea Province North Hwanghae
0%
Sudan State North Kordofan
0%
Maldives Atoll North Miladhunmadulu
0%
Maldives Atoll North Nilandhe Atoll
0%
North Korea Province North Pyongan
0%
Maldives Atoll North Thiladhunmathi
0%
North Macedonia Municipality Novaci
0%
Slovenia City Nova Gorica
0%
Slovenia City Novo Mesto
0%
North Macedonia Municipality Novo Selo
0%
Uganda District Ntoroko
0%
Uganda District Ntungamo
0%
Chile Region Ñuble
0%
Venezuela State Nueva Esparta
0%
Nicaragua Department Nueva Segovia
0%
Tuvalu Island Nui
0%
Tuvalu Island Nukufetau
0%
Tuvalu Island Nukulaelae
0%
Libya District Nuqat al Khams
0%
Afghanistan Province Nuristan
0%
Uganda District Nwoya
0%
Kenya County Nyamira
0%
Kenya County Nyandarua
0%
Gabon Province Nyanga
0%
Kenya County Nyeri
0%
Guinea Region Nzérékoré
0%
Ivory Coast Region N'Zi
0%
Djibouti Region Obock
0%
Uganda District Obongi
0%
Moldova District Ocnița
0%
Honduras Department Ocotepeque
0%
Cambodia Province Oddar Meanchey
0%
Slovenia Municipality Odranci
0%
Azerbaijan District Oghuz
0%
Gabon Province Ogooué-Ivindo
0%
Gabon Province Ogooué-Lolo
0%
Gabon Province Ogooué-Maritime
0%
Latvia Municipality Ogre
0%
Nigeria State Ogun
0%
Namibia Region Ohangwena
0%
Guinea-Bissau Region Oio
0%
Latvia Municipality Olaine
0%
Honduras Department Olancho
0%
Iceland Municipality Ölfus
0%
Namibia Region Omaheke
0%
Central African Republic Prefecture Ombella-M'Poko
0%
Uganda District Omoro
0%
Namibia Region Omusati
0%
Nigeria State Ondo
0%
Slovenia Municipality Oplotnica
0%
Botswana Town Orapa
0%
Ecuador Province Orellana
0%
Moldova District Orhei
0%
Mongolia Province Orkhon
0%
Slovenia Municipality Ormož
0%
Namibia Region Oshana
0%
Namibia Region Oshikoto
0%
Slovenia Municipality Osilnica
0%
Turkey Province Osmaniye
0%
Nigeria State Osun
0%
Ghana Region Oti
0%
Namibia Region Otjozondjupa
0%
Uganda District Otuke
0%
Chad Region Ouaddaï
0%
Algeria Province Ouargla
0%
Laos Province Oudomxay
0%
Benin Department Ouémé
0%
Central African Republic Prefecture Ouham
0%
Central African Republic Prefecture Ouham-Fafa
0%
Central African Republic Prefecture Ouham-Pendé
0%
Algeria Province Ouled Djellal
0%
Algeria Province Oum El Bouaghi
0%
Seychelles District Outer Islands
0%
Mongolia Province Övörkhangai
0%
Uganda District Oyam
0%
Uganda District Pader
0%
Malaysia State Pahang
0%
Finland Region Päijät-Häme
0%
Cambodia Province Pailin
0%
Afghanistan Province Paktia
0%
Uganda District Pakwach
0%
Samoa District Palauli
0%
Myanmar Zone Pa Laung
0%
Uganda District Pallisa
0%
Bolivia Department Pando
0%
Myanmar Zone Pa'O
0%
Bhutan District Paro
0%
Peru Departament Pasco
0%
Ecuador Province Pastaza
0%
Thailand Province Pathum Thani
0%
Thailand Province Pattani
0%
Cape Verde Municipality Paul
0%
Serbia District Pčinja
0%
Dominican Republic Province Pedernales
0%
North Macedonia Municipality Pehčevo
0%
Palau State Peleliu
0%
Bhutan District Pema Gatshel
0%
Trinidad and Tobago Region Penal–Debe
0%
Vanuatu Province Penama
0%
Malaysia State Penang
0%
Malaysia State Perak
0%
Dominican Republic Province Peravia
0%
Seychelles District Perseverance Island I
0%
Seychelles District Perseverance Island II
0%
Slovenia Municipality Pesnica
0%
Guatemala Department Petén
0%
Montenegro Municipality Petnjica
0%
North Macedonia Municipality Petrovec
0%
Thailand Province Phang Nga
0%
Thailand Province Phayao
0%
Thailand Province Phetchabun
0%
Thailand Province Phetchaburi
0%
Thailand Province Phichit
0%
Thailand Province Phitsanulok
0%
Laos Province Phongsaly
0%
Thailand Province Phrae
0%
Vietnam Province Phú Thọ
0%
Vietnam Province Phú Yên
0%
South Sudan Area Pibor
0%
Ecuador Province Pichincha
0%
Slovenia Municipality Pivka
0%
Seychelles District Plaisance
0%
Liechtenstein Municipality Planken
0%
North Macedonia Municipality Plasnica
0%
Benin Department Plateau
0%
Nigeria State Plateau
0%
Burkina Faso Region Plateau-Central
0%
Republic of the Congo Department Plateaux
0%
Togo Region Plateaux
0%
Montenegro Municipality Pljevlja
0%
Montenegro Municipality Plužine
0%
Slovenia Municipality Podčetrtek
0%
Slovenia Municipality Podlehnik
0%
Slovenia Municipality Podvelka
0%
Seychelles District Pointe La Rue
0%
Trinidad and Tobago Municipality Point Fortin
0%
Slovenia Municipality Poljčane
0%
Estonia County Põlva
0%
Slovenia Municipality Polzela
0%
Guyana Region Pomeroon-Supenaam
0%
Serbia District Pomoravlje
0%
Republic of the Congo Department Pool
0%
Seychelles District Port Glaud
0%
Jamaica Parish Portland
0%
Venezuela State Portuguesa
0%
Guyana Region Potaro-Siparuni
0%
Thailand Province Prachinburi
0%
Thailand Province Prachuap Khiri Khan
0%
Cambodia Province Preah Sihanouk
0%
Cambodia Province Preah Vihear
0%
Slovenia Municipality Prebold
0%
Slovenia Municipality Preddvor
0%
Latvia Municipality Preiļi
0%
Slovenia Municipality Prevalje
0%
Cambodia Province Prey Veng
0%
Croatia County Primorje-Gorski Kotar
0%
North Macedonia Municipality Probištip
0%
Slovenia Municipality Puconci
0%
Dominican Republic Province Puerto Plata
0%
Bhutan District Punakha
0%
Costa Rica Province Puntarenas
0%
Cambodia Province Pursat
0%
Malaysia Territory Putrajaya
0%
Colombia Department Putumayo
0%
Azerbaijan District Qabala
0%
Lesotho District Qacha's Nek
0%
Egypt Governorate Qalyubiyya
0%
Uzbekistan Region Qashqadaryo
0%
Saudi Arabia Region Qassim
0%
Azerbaijan District Qazax
0%
Iran Province Qazvin
0%
Egypt Governorate Qena
0%
Azerbaijan District Qubadli
0%
Guatemala Department Quiché
0%
Guinea-Bissau Region Quinara
0%
Vietnam Province Quảng Bình
0%
Vietnam Province Quảng Nam
0%
Vietnam Province Quảng Ninh
0%
Azerbaijan District Qusar
0%
Lesotho District Quthing
0%
Slovenia Municipality Rače–Fram
0%
Georgia Region Racha-Lechkhumi and Kvemo Svaneti
0%
Slovenia Municipality Radeče
0%
Slovenia Municipality Radenci
0%
Slovenia Municipality Radlje ob Dravi
0%
North Macedonia Municipality Radoviš
0%
Slovenia Municipality Radovljica
0%
Bahamas District Ragged Island
0%
Bangladesh Division Rajshahi
0%
Uganda District Rakai
0%
Myanmar State Rakhine
0%
Iceland Municipality Rangárþing eystra
0%
Iceland Municipality Rangárþing ytra
0%
Bangladesh Division Rangpur
0%
North Macedonia Municipality Rankovce
0%
Thailand Province Ranong
0%
Estonia County Rapla
0%
Serbia District Rasina
0%
North Korea Special City Rason
0%
Cambodia Province Ratanakiri
0%
Thailand Province Ratchaburi
0%
Monaco Ward Ravin de Sainte-Dévote
0%
Slovenia Municipality Ravne na Koroškem
0%
Yemen Province Raymah
0%
Thailand Province Rayong
0%
Slovenia Municipality Razkrižje
0%
Slovenia Municipality Rečica ob Savinji
0%
Luxembourg Canton Redange
0%
Algeria Province Relizane
0%
Luxembourg Canton Remich
0%
Slovenia Municipality Renče–Vogrsko
0%
Solomon Islands Province Rennell and Bellona
0%
North Macedonia Municipality Resen
0%
Guatemala Department Retalhuleu
0%
Iceland Municipality Reykhólahreppur
0%
Iceland Municipality Reykjanesbær
0%
Latvia City Rēzekne
0%
Latvia Municipality Rēzekne
0%
Moldova District Rezina
0%
Cape Verde Municipality Ribeira Brava
0%
Cape Verde Municipality Ribeira Grande
0%
Cape Verde Municipality Ribeira Grande de Santiago
0%
Slovenia Municipality Ribnica
0%
Slovenia Municipality Ribnica na Pohorju
0%
Nicaragua Department Río San Juan
0%
Colombia Department Risaralda
0%
Moldova District Rîșcani
0%
Nicaragua Department Rivas
0%
Uruguay Departament Rivera
0%
Uruguay Departament Rocha
0%
Seychelles District Roche Caiman
0%
Slovenia Municipality Rogaška Slatina
0%
Slovenia Municipality Rogašovci
0%
Slovenia Municipality Rogatec
0%
Thailand Province Roi Et
0%
Marshall Islands Municipality Rongelap
0%
Latvia Municipality Ropaži
0%
North Macedonia Municipality Rosoman
0%
Uganda District Rubanda
0%
Uganda District Rubirizi
0%
Liechtenstein Municipality Ruggell
0%
Uganda District Rukiga
0%
Uganda District Rukungiri
0%
Tanzania Region Rukwa
0%
Bahamas District Rum Cay
0%
Burundi Province Rumonge
0%
Burundi Province Rutana
0%
Tanzania Region Ruvuma
0%
South Sudan Area Ruweng
0%
Burundi Province Ruyigi
0%
Uganda District Rwampara
0%
North Korea Province Ryanggang
0%
Azerbaijan District Saatly
0%
Sri Lanka Province Sabaragamuwa
0%
Azerbaijan District Sabirabad
0%
Guatemala Department Sacatepéquez
0%
Yemen Province Sa'dah
0%
Myanmar Region Sagaing
0%
Algeria Province Saïda
0%
Jamaica Parish Saint Catherine
0%
Dominica Parish Saint David
0%
Grenada Parish Saint David
0%
Saint Vincent and the Grenadines Parish Saint David
0%
Senegal Region Saint-Louis
0%
Barbados Parish Saint Michael
0%
Dominica Parish Saint Patrick
0%
Grenada Parish Saint Patrick
0%
Saint Vincent and the Grenadines Parish Saint Patrick
0%
Antigua and Barbuda Parish Saint Philip
0%
Barbados Parish Saint Philip
0%
Thailand Province Sa Kaeo
0%
Turkey Province Sakarya
0%
Thailand Province Sakon Nakhon
0%
Iraq Province Saladin
0%
Chad Region Salamat
0%
Latvia Municipality Salaspils
0%
Laos Province Salavan
0%
Latvia Municipality Saldus
0%
Slovenia Municipality Šalovci
0%
Azerbaijan District Salyan
0%
Dominican Republic Province Samaná
0%
Bhutan District Samdrup Jongkhar
0%
Bhutan District Samtse
0%
Georgia Region Samtskhe-Javakheti
0%
Azerbaijan District Samukh
0%
Thailand Province Samut Prakan
0%
Thailand Province Samut Sakhon
0%
Dominican Republic Province Sánchez Ramírez
0%
Papua New Guinea Province Sandaun
0%
Republic of the Congo Department Sangha
0%
Central African Republic Prefecture Sangha-Mbaéré
0%
Trinidad and Tobago Region Sangre Grande
0%
Democratic Republic of the Congo Province Sankuru
0%
Honduras Department Santa Bárbara
0%
Cape Verde Municipality Santa Catarina do Fogo
0%
Ecuador Province Santa Elena
0%
Guatemala Department Santa Rosa
0%
Dominican Republic Province Santiago Rodríguez
0%
El Salvador Department San Vicente
0%
Cape Verde Municipality São Domingos
0%
Cape Verde Municipality São Filipe
0%
Cape Verde Municipality São Lourenço dos Órgãos
0%
Cape Verde Municipality São Miguel
0%
Cape Verde Municipality São Salvador do Mundo
0%
Cape Verde Municipality São Vicente
0%
Thailand Province Saraburi
0%
Suriname District Saramacca
0%
Bhutan District Sarpang
0%
Thailand Province Satun
0%
Samoa District Satupaʻitea
0%
Latvia Municipality Saulkrasti
0%
Madagascar Region Sava
0%
Togo Region Savanes
0%
Ghana Region Savannah
0%
Laos Province Savannakhét
0%
Montenegro Municipality Šavnik
0%
Liechtenstein Municipality Schellenberg
0%
Senegal Region Sédhiou
0%
Mali Region Ségou
0%
Malaysia State Selangor
0%
Botswana Town Selebi-Phikwe
0%
Mongolia Province Selenge
0%
Slovenia Municipality Selnica ob Dravi
0%
Iceland Municipality Seltjarnarnes
0%
Uganda District Sembabule
0%
Slovenia Municipality Semič
0%
Slovenia Municipality Šempeter-Vrtojba
0%
Slovenia Municipality Šenčur
0%
Sudan State Sennar
0%
Slovenia Municipality Šentilj
0%
Slovenia Municipality Šentjernej
0%
Slovenia Municipality Šentjur
0%
Slovenia Municipality Šentrupert
0%
Uganda District Serere
0%
Algeria Province Sétif
0%
Slovenia Municipality Sevnica
0%
Slovenia Municipality Sežana
0%
Azerbaijan District Shabran
0%
Yemen Province Shabwah
0%
Azerbaijan City Shaki
0%
Azerbaijan District Shaki
0%
Azerbaijan District Shamakhi
0%
Azerbaijan District Shamkir
0%
Egypt Governorate Sharqia
0%
Uganda District Sheema
0%
Vanuatu Province Shefa
0%
Georgia Region Shida Kartli
0%
Tanzania Region Shinyanga
0%
Armenia Province Shirak
0%
Eswatini Region Shiselweni
0%
Azerbaijan District Shusha
0%
Kenya County Siaya
0%
Algeria Province Sidi Bel Abbès
0%
Tunisia Governorate Sidi Bouzid
0%
Latvia Municipality Sigulda
0%
Chad Region Sila
0%
Tunisia Governorate Siliana
0%
Tanzania Region Simiyu
0%
Thailand Province Sing Buri
0%
Moldova District Sîngerei
0%
Tanzania Region Singida
0%
Liberia County Sinoe
0%
Suriname District Sipaliwini
0%
Trinidad and Tobago Region Siparia
0%
Uzbekistan Region Sirdaryo
0%
Turkey Province Şırnak
0%
Uganda District Sironko
0%
Thailand Province Sisaket
0%
Azerbaijan District Siyazan
0%
Iceland Municipality Skaftárhreppur
0%
Iceland Municipality Skagabyggð
0%
Iceland Municipality Skagaströnd
0%
Iceland Municipality Skeiða- og Gnúpverjahreppur
0%
Algeria Province Skikda
0%
Slovenia Municipality Škocjan
0%
Slovenia Municipality Škofja Loka
0%
Slovenia Municipality Škofljica
0%
Iceland Municipality Skorradalshreppur
0%
Slovenia City Slovenj Gradec
0%
Slovenia Municipality Slovenska Bistrica
0%
Slovenia Municipality Slovenske Konjice
0%
Slovenia Municipality Šmarje pri Jelšah
0%
Slovenia Municipality Šmarješke Toplice
0%
Slovenia Municipality Šmartno ob Paki
0%
Slovenia Municipality Šmartno pri Litiji
0%
Latvia Municipality Smiltene
0%
Iceland Municipality Snæfellsbær
0%
Philippines Region SOCCSKSARGEN
0%
Slovenia Municipality Sodražica
0%
Egypt Governorate Sohag
0%
Slovenia Municipality Solčava
0%
Moldova District Șoldănești
0%
Guatemala Department Sololá
0%
Hungary County Somogy
0%
Tanzania Region Songwe
0%
Vietnam Province Sơn La
0%
El Salvador Department Sonsonate
0%
Palau State Sonsorol
0%
North Macedonia Municipality Sopište
0%
Uruguay Departament Soriano
0%
Moldova District Soroca
0%
Uganda District Soroti
0%
Slovenia Municipality Šoštanj
0%
Saint Lucia District Soufrière
0%
Algeria Province Souk Ahras
0%
Bahamas District South Abaco
0%
Maldives Atoll South Ari Atoll
0%
Bahamas District South Eleuthera
0%
Eritrea Region Southern Red Sea
0%
Philippines Region Southern Tagalog Mainland
0%
North Korea Province South Hamgyong
0%
Maldives Atoll South Huvadhu Atoll
0%
North Korea Province South Hwanghae
0%
Sudan State South Kordofan
0%
Latvia Municipality South Kurzeme
0%
Maldives Atoll South Miladhunmadulu
0%
Maldives Atoll South Nilandhe Atoll
0%
North Korea Province South Pyongan
0%
Maldives City South Thiladhunmathi
0%
Philippines Region Southwestern Tagalog
0%
Botswana Township Sowa
0%
Bahamas District Spanish Wells
0%
Slovenia Municipality Središče ob Dravi
0%
North Macedonia Municipality Staro Nagoričane
0%
Slovenia Municipality Starše
0%
Moldova District Ștefan Vodă
0%
Cambodia Province Steung Treng
0%
Slovenia Municipality Štore
0%
Iceland Municipality Strandabyggð
0%
Moldova District Strășeni
0%
Slovenia Municipality Straža
0%
North Macedonia Municipality Struga
0%
North Macedonia Municipality Studeničani
0%
Iceland Municipality Stykkishólmsbær og Helgafellssveit
0%
Guatemala Department Suchitepéquez
0%
Ecuador Province Sucumbíos
0%
Iceland Municipality Súðavíkurhreppur
0%
Ivory Coast Region Sud-Comoé
0%
Democratic Republic of the Congo Province Sud-Ubangi
0%
Iceland Municipality Suðurnesjabær
0%
Thailand Province Sukhothai
0%
Thailand Province Suphan Buri
0%
Uzbekistan Region Surxondaryo
0%
North Macedonia Municipality Šuto Orizari
0%
Iceland Municipality Svalbarðsstrandarhreppur
0%
Cambodia Province Svay Rieng
0%
Iceland Municipality Sveitarfélagið Skagafjörður og Akrahreppur
0%
Slovenia Municipality Sveta Ana
0%
Slovenia Municipality Sveta Trojica v Slovenskih Goricah
0%
Slovenia Municipality Sveti Andraž v Slovenskih Goricah
0%
Slovenia Municipality Sveti Jurij ob Ščavnici
0%
Slovenia Municipality Sveti Jurij v Slovenskih Goricah
0%
North Macedonia Municipality Sveti Nikole
0%
Slovenia Municipality Sveti Tomaž
0%
Bangladesh Division Sylhet
0%
Hungary County Szabolcs-Szatmár-Bereg
0%
Slovenia Municipality Tabor
0%
Tanzania Region Tabora
0%
Venezuela State Táchira
0%
Uruguay Departament Tacuarembó
0%
Djibouti Region Tadjourah
0%
Vanuatu Province Tafea
0%
Jordan Governorate Tafilah
0%
Mauritania Region Tagant
0%
Niger Region Tahoua
0%
Kenya County Taita–Taveta
0%
Seychelles District Takamaka
0%
Cambodia Province Takéo
0%
Kyrgyzstan Region Talas
0%
Iceland Municipality Tálknafjarðarhreppur
0%
Latvia Municipality Talsi
0%
Senegal Region Tambacounda
0%
Kenya County Tana River
0%
Chad Region Tandjilé
0%
Myanmar Region Tanintharyi
0%
Mali Region Taoudénit
0%
Nigeria State Taraba
0%
Chile Region Tarapacá
0%
Bolivia Department Tarija
0%
Cape Verde Municipality Tarrafal
0%
Cape Verde Municipality Tarrafal de São Nicolau
0%
Azerbaijan District Tartar
0%
Tunisia Governorate Tataouine
0%
Lithuania County Tauragė
0%
Armenia Province Tavush
0%
Cambodia Province Tboung Khmum
0%
Ivory Coast Region Tchologo
0%
North Macedonia Municipality Tearce
0%
Algeria Province Tébessa
0%
Moldova District Telenești
0%
Lithuania County Telšiai
0%
Brunei District Temburong
0%
Solomon Islands Province Temotu
0%
Uganda District Terego
0%
Malaysia State Terengganu
0%
Lesotho District Thaba-Tseka
0%
Vietnam Province Thái Bình
0%
Vietnam Province Thái Nguyên
0%
Kenya County Tharaka-Nithi
0%
Vietnam Province Thừa Thiên-Huế
0%
Senegal Region Thiès
0%
Iceland Municipality Þingeyjarsveit
0%
Algeria Province Tiaret
0%
Chad Region Tibesti
0%
Niger Region Tillabéri
0%
Algeria Province Timimoun
0%
Vietnam Province Tiền Giang
0%
Algeria Province Tipaza
0%
Mauritania Region Tiris Zemmour
0%
Slovenia Municipality Tišina
0%
Algeria Province Tissemsilt
0%
Iceland Municipality Tjörneshreppur
0%
Turkey Province Tokat
0%
Colombia Department Tolima
0%
Slovenia Municipality Tolmin
0%
Hungary County Tolna
0%
Guinea-Bissau Region Tombali
0%
Ivory Coast Region Tonkpi
0%
Serbia District Toplica
0%
Vanuatu Province Torba
0%
Uganda District Tororo
0%
Guatemala Department Totonicapán
0%
Algeria Province Touggourt
0%
Azerbaijan District Tovuz
0%
Tunisia Governorate Tozeur
0%
Thailand Province Trang
0%
Kenya County Trans-Nzoia
0%
Mauritania Region Trarza
0%
Bhutan District Trashigang
0%
Bhutan District Trashi Yangtse
0%
Thailand Province Trat
0%
Vietnam Province Trà Vinh
0%
Slovenia Municipality Trbovlje
0%
Slovenia Municipality Trebnje
0%
Uruguay Departament Treinta y Tres
0%
Jamaica Parish Trelawny
0%
Slovenia Municipality Trnovska Vas
0%
Bhutan District Trongsa
0%
Slovenia Municipality Tržič
0%
Slovenia Municipality Trzin
0%
Democratic Republic of the Congo Province Tshopo
0%
Democratic Republic of the Congo Province Tshuapa
0%
Bhutan District Tsirang
0%
Samoa District Tuamasaga
0%
Latvia Municipality Tukums
0%
Peru Departament Tumbes
0%
Turkey Province Tunceli
0%
Ecuador Province Tungurahua
0%
Kenya County Turkana
0%
Slovenia Municipality Turnišče
0%
Brunei District Tutong
0%
Vietnam Province Tuyên Quang
0%
Nauru District Uaboe
0%
Kenya County Uasin Gishu
0%
Thailand Province Ubon Ratchathani
0%
Angola Province Uíge
0%
Marshall Islands Municipality Ujae
0%
Azerbaijan District Ujar
0%
South Sudan State Unity
0%
Guyana Region Upper Demerara-Berbice
0%
Ghana Region Upper East
0%
South Sudan State Upper Nile
0%
Gambia Region Upper River
0%
Guyana Region Upper Takutu-Upper Essequibo
0%
Ghana Region Upper West
0%
El Salvador Department Usulután
0%
Lithuania County Utena
0%
Thailand Province Uthai Thani
0%
Marshall Islands Municipality Utirik
0%
India State Uttarakhand
0%
Sri Lanka Province Uva
0%
Samoa District Va'a-o-Fonoti
0%
Samoa District Vaisigano
0%
Tuvalu Island Vaitupu
0%
Central African Republic Prefecture Vakaga
0%
Madagascar Region Vakinankaratra
0%
North Macedonia Municipality Valandovo
0%
Estonia County Valga
0%
Latvia Municipality Valka
0%
Colombia Department Valle del Cauca
0%
Latvia Municipality Valmiera
0%
Dominican Republic Province Valverde
0%
Latvia Municipality Varakļāni
0%
Venezuela State Vargas
0%
North Macedonia Municipality Vasilevo
0%
Madagascar Region Vatovavy
0%
Tonga Division Vavaʻu
0%
Armenia Province Vayots Dzor
0%
Slovenia City Velenje
0%
Slovenia Municipality Velika Polana
0%
Slovenia Municipality Velike Lašče
0%
Panama Province Veraguas
0%
Slovenia Municipality Veržej
0%
Iceland Municipality Vestmannaeyjar
0%
Iceland Municipality Vesturbyggð
0%
Hungary County Veszprém
0%
North Macedonia Municipality Vevčani
0%
Colombia Department Vichada
0%
Slovenia Municipality Videm
0%
Saint Lucia District Vieux Fort
0%
Kenya County Vihiga
0%
Estonia County Viljandi
0%
Vietnam Province Vĩnh Long
0%
Vietnam Province Vĩnh Phúc
0%
North Macedonia Municipality Vinica
0%
Slovenia Municipality Vipava
0%
East Timor Municipality Viqueque
0%
Croatia County Virovitica-Podravina
0%
Slovenia Municipality Vitanje
0%
Slovenia Municipality Vodice
0%
Iceland Municipality Vogar
0%
Slovenia Municipality Vojnik
0%
Ghana Region Volta
0%
Iceland Municipality Vopnafjarðarhreppur
0%
Estonia County Võru
0%
Slovenia Municipality Vransko
0%
North Macedonia Municipality Vrapčište
0%
Slovenia Municipality Vrhnika
0%
Slovenia Municipality Vuzenica
0%
Libya District Wadi al Shatii
0%
Chad Region Wadi Fira
0%
Kenya County Wajir
0%
Uganda District Wakiso
0%
Bhutan District Wangdue Phodrang
0%
Suriname District Wanica
0%
Afghanistan Province Wardak
0%
South Sudan State Warrap
0%
Iraq Province Wasit
0%
Equatorial Guinea Province Wele-Nzas
0%
South Sudan State Western Bahr el Ghazal
0%
South Sudan State Western Equatoria
0%
Philippines Region Western Visayas
0%
Bahamas District West Grand Bahama
0%
Sudan State West Kordofan
0%
Jamaica Parish Westmoreland
0%
Kenya County West Pokot
0%
Luxembourg Canton Wiltz
0%
Gabon Province Woleu-Ntem
0%
Ivory Coast Region Worodougou
0%
Marshall Islands Municipality Wotho
0%
Marshall Islands Municipality Wotje
0%
Laos Province Xaignabouli
0%
Laos Province Xaisomboun
0%
Laos Province Xékong
0%
Laos Province Xiangkhouang
0%
Uzbekistan Region Xorazm
0%
Thailand Province Yala
0%
Venezuela State Yaracuy
0%
Azerbaijan District Yardimli
0%
Azerbaijan City Yevlakh
0%
Azerbaijan District Yevlakh
0%
Nigeria State Yobe
0%
Honduras Department Yoro
0%
Uganda District Yumbe
0%
Montenegro Municipality Žabljak
0%
Guatemala Department Zacapa
0%
Azerbaijan District Zagatala
0%
Tunisia Governorate Zaghouan
0%
Slovenia Municipality Zagorje ob Savi
0%
Angola Province Zaire
0%
Serbia District Zaječar
0%
Hungary County Zala
0%
Slovenia Municipality Žalec
0%
Philippines Region Zamboanga Peninsula
0%
Nigeria State Zamfara
0%
Ecuador Province Zamora-Chinchipe
0%
Azerbaijan District Zangilan
0%
Iran Province Zanjan
0%
Azerbaijan District Zardab
0%
Mongolia Province Zavkhan
0%
Slovenia Municipality Zavrč
0%
Libya District Zawiya
0%
North Macedonia Municipality Zelenikovo
0%
Slovenia Municipality Železniki
0%
North Macedonia Municipality Želino
0%
Slovenia Municipality Žetale
0%
Bhutan District Zhemgang
0%
Senegal Region Ziguinchor
0%
Niger Region Zinder
0%
Slovenia Municipality Žiri
0%
Slovenia Municipality Žirovnica
0%
Serbia District Zlatibor
0%
Uganda District Zombo
0%
Turkey Province Zonguldak
0%
Benin Department Zou
0%
Slovenia Municipality Zreče
0%
North Macedonia Municipality Zrnovci
0%
Slovenia Municipality Žužemberk
0%
No matching quizzes found
Score Distribution
Percent of People with Each Score
Percentile by Number Answered
Your Score History
You have not taken this quiz